{"text_format":"3","workbook":"xlsx","n_sheets":17,"sheets":["Table 1","Table 2","Table 3","Table 4","Table 5","Table 6","Table 7","Table 8","Table 9","Table 10","Table 11","Table 12","Table 13","Table 14","Table 15","Table 16","Table 17"],"read":"whole","date_system":"1900"}

{"sheet":"Table 1","index":0,"n_rows":40,"n_cols":10,"rows_kept":40,"merged":[[0,0,1,0],[0,1,1,1],[0,2,1,2],[0,3,1,3],[0,4,1,4],[0,5,1,5],[0,6,0,7],[0,8,0,9],[2,1,2,7],[5,1,5,7],[8,1,8,7],[12,1,12,7],[14,1,14,7],[17,1,17,7],[22,1,22,7],[23,0,24,0],[23,1,24,1],[23,3,24,3],[23,4,24,4],[23,5,24,5],[23,6,24,6],[23,7,24,7],[23,8,24,8],[23,9,24,9],[25,3,25,9],[33,1,33,7],[37,1,37,7],[39,0,39,9]]}
["ITEM","CÓDIGO","DESCRIÇÃO","FONTE","UNIDADE","QTD","VALOR UNITÁRIO R$",null,"PREÇO TOTAL R$"]
[{"$nulls":6},"SEM BDI","COM BDI","SEM BDI","COM BDI"]
["1","SERVIÇOS PRELIMINARES",{"$nulls":6},{"v":2507.26,"d":"2,507.26"},{"v":3014.51,"d":"3,014.51"}]
["1.1","74209/001","PLACA DE OBRA EM CHAPA DE ACO GALVANIZADO","SINAPI","M2",{"v":6,"d":"6.00"},332.65,399.88,{"v":1995.9,"d":"1,995.90"},{"v":2399.28,"d":"2,399.28"}]
["1.2","S04175","Locação de praças com piquetes de madeira","ORSE","M2",{"v":799,"d":"799.00"},0.64,0.77,511.36,615.23]
["2","RETIRADAS E DEMOLIÇÕES",{"$nulls":6},{"v":3319.09,"d":"3,319.09"},{"v":3989.54,"d":"3,989.54"}]
["2.1","S08344","Desmontagem de Estrutura Metálica com retirada de solda e corte de peças por meio de\nlixadeira","ORSE","m2",{"v":315,"d":"315.00"},7.28,8.75,{"v":2293.2,"d":"2,293.20"},{"v":2756.25,"d":"2,756.25"}]
["2.2",97622,"DEMOLIÇÃO DE ALVENARIA DE BLOCO FURADO, DE FORMA MANUAL, SEM\nREAPROVEITAMENTO. AF_12/2017","SINAPI","M3",{"v":25.2,"d":"25.20"},40.71,48.94,{"v":1025.89,"d":"1,025.89"},{"v":1233.29,"d":"1,233.29"}]
["3","FUNDAÇÃO",{"$nulls":6},{"v":15027.78,"d":"15,027.78"},{"v":18064.2,"d":"18,064.20"}]
["3.1",93358,"ESCAVAÇÃO MANUAL DE VALA COM PROFUNDIDADE MENOR OU IGUAL A 1,30\nM. AF_02/2021","SINAPI","M3",{"v":15.5,"d":"15.50"},61.71,74.18,956.51,{"v":1149.79,"d":"1,149.79"}]
["3.2",101166,"ALVENARIA DE EMBASAMENTO COM BLOCO ESTRUTURAL DE CERÂMICA, DE\n14X19X29CM E ARGAMASSA DE ASSENTAMENTO COM PREPARO EM BETONEIRA. AF_05/2020","SINAPI","M3",{"v":15.5,"d":"15.50"},{"v":499.7,"d":"499.70"},600.69,{"v":7745.35,"d":"7,745.35"},{"v":9310.7,"d":"9,310.70"}]
["3.3",93205,"CINTA DE AMARRAÇÃO DE ALVENARIA MOLDADA IN LOCO COM UTILIZAÇÃO DE\nBLOCOS CANALETA. AF_03/2016","SINAPI","M",{"v":191,"d":"191.00"},33.12,39.81,{"v":6325.92,"d":"6,325.92"},{"v":7603.71,"d":"7,603.71"}]
["4","ALVENARIA",{"$nulls":6},{"v":6614.33,"d":"6,614.33"},{"v":7951.33,"d":"7,951.33"}]
["4.1",89168,"(COMPOSIÇÃO REPRESENTATIVA) DO SERVIÇO DE ALVENARIA DE VEDAÇÃO DE\nBLOCOS VAZADOS DE CERÂMICA DE 9X19X19CM (ESPESSURA 9CM), PARA EDIFICAÇÃO HABITACIONAL UNIFAMILIAR (CASA) E EDIFICAÇÃO PÚBLICA PADRÃO. AF_11/2014","SINAPI","M2",{"v":95.5,"d":"95.50"},69.26,83.26,{"v":6614.33,"d":"6,614.33"},{"v":7951.33,"d":"7,951.33"}]
["5","REVESTIMENTO",{"$nulls":6},{"v":3392.17,"d":"3,392.17"},{"v":4077.85,"d":"4,077.85"}]
["5.1",87893,"CHAPISCO APLICADO EM ALVENARIA (SEM PRESENÇA DE VÃOS) E\nESTRUTURAS DE CONCRETO DE FACHADA, COM COLHER DE PEDREIRO. ARGAMASSA TRAÇO 1:3 COM PREPARO MANUAL. AF_06/2014","SINAPI","M2",{"v":95.5,"d":"95.50"},5.41,{"v":6.5,"d":"6.50"},516.66,620.75]
["5.2",87794,"EMBOÇO OU MASSA ÚNICA EM ARGAMASSA TRAÇO 1:2:8, PREPARO MANUAL,\nAPLICADA MANUALMENTE EM PANOS CEGOS DE FACHADA (SEM PRESENÇA DE VÃOS), ESPESSURA DE 25 MM. AF_06/2014","SINAPI","M2",{"v":95.5,"d":"95.50"},30.11,{"v":36.2,"d":"36.20"},{"v":2875.51,"d":"2,875.51"},{"v":3457.1,"d":"3,457.10"}]
["6","PAVIMENTAÇÃO",{"$nulls":6},{"v":39909.91,"d":"39,909.91"},{"v":47977.51,"d":"47,977.51"}]
["6.1",94319,"ATERRO MANUAL DE VALAS COM SOLO ARGILO-ARENOSO E COMPACTAÇÃO\nMECANIZADA. AF_05/2016","SINAPI","M3",{"v":48.2,"d":"48.20"},34.67,41.68,{"v":1671.09,"d":"1,671.09"},{"v":2008.98,"d":"2,008.98"}]
["6.2",92396,"EXECUÇÃO DE PASSEIO EM PISO INTERTRAVADO, COM BLOCO RETANGULAR\nCOR NATURAL DE 20 X 10 CM, ESPESSURA 6 CM. AF_12/2015","SINAPI","M2",{"v":370.5,"d":"370.50"},52.04,62.56,{"v":19280.82,"d":"19,280.82"},{"v":23178.48,"d":"23,178.48"}]
["6.3",93679,"EXECUÇÃO DE PASSEIO EM PISO INTERTRAVADO, COM BLOCO RETANGULAR\nCOLORIDO DE 20 X 10 CM, ESPESSURA 6 CM. AF_12/2015","SINAPI","M2",{"v":140,"d":"140.00"},57.02,68.54,{"v":7982.8,"d":"7,982.80"},{"v":9595.6,"d":"9,595.60"}]
["6.4",92393,"EXECUÇÃO DE PAVIMENTO EM PISO INTERTRAVADO, COM BLOCO SEXTAVADO\nDE 25 X 25 CM, ESPESSURA 6 CM. AF_12/2015","SINAPI","M2",{"v":269,"d":"269.00"},{"v":40.8,"d":"40.80"},49.05,{"v":10975.2,"d":"10,975.20"},{"v":13194.45,"d":"13,194.45"}]
["7","INSTALAÇÃO ELETRICA",{"$nulls":6},{"v":14614.66,"d":"14,614.66"},{"v":17568.7,"d":"17,568.70"}]
["7.1",101496,"ENTRADA DE ENERGIA ELÉTRICA, AÉREA, MONOFÁSICA, COM CAIXA DE\nEMBUTIR, CABO DE 35 MM2 E DISJUNTOR DIN 50A (NÃO INCLUSO O POSTE DE","SINAPI","UN",{"v":1,"d":"1.00"},{"v":1305.98,"d":"1,305.98"},{"v":1569.92,"d":"1,569.92"},{"v":1305.98,"d":"1,305.98"},{"v":1569.92,"d":"1,569.92"}]
[]
[null,101496,"CONCRETO). AF_07/2020_P"]
["7.2",93658,"DISJUNTOR MONOPOLAR TIPO DIN, CORRENTE NOMINAL DE 40A -\nFORNECIMENTO E INSTALAÇÃO. AF_10/2020","SINAPI","UN",{"v":4,"d":"4.00"},14.03,16.87,56.12,67.48]
["7.3","S12222","Quadro de distribuição de embutir, em chapa de aço, para até 08 disjuntores, com\nbarramento, padrão DIN, exclusive disjuntores","ORSE","un",{"v":1,"d":"1.00"},{"v":114.2,"d":"114.20"},137.28,{"v":114.2,"d":"114.20"},137.28]
["7.4",91931,"CABO DE COBRE FLEXÍVEL ISOLADO, 6 MM², ANTI-CHAMA 0,6/1,0 KV, PARA\nCIRCUITOS TERMINAIS - FORNECIMENTO E INSTALAÇÃO. AF_12/2015","SINAPI","M",{"v":120,"d":"120.00"},9.44,11.35,{"v":1132.8,"d":"1,132.80"},{"v":1362,"d":"1,362.00"}]
["7.5",91932,"CABO DE COBRE FLEXÍVEL ISOLADO, 10 MM², ANTI-CHAMA 450/750 V, PARA\nCIRCUITOS TERMINAIS - FORNECIMENTO E INSTALAÇÃO. AF_12/2015","SINAPI","M",{"v":30,"d":"30.00"},13.88,16.69,{"v":416.4,"d":"416.40"},{"v":500.7,"d":"500.70"}]
["7.6","S12870","Refletor TR Led, corpo em aluminio, vidro temperado, potencia 30W, bivolt, temp.cor\n3000K/6000k, IP-65, da Taschibra ou similar","ORSE","un",{"v":4,"d":"4.00"},82.44,{"v":99.1,"d":"99.10"},329.76,{"v":396.4,"d":"396.40"}]
["7.7",100621,"POSTE DE AÇO CONICO CONTÍNUO CURVO DUPLO, FLANGEADO, H=9M,\nINCLUSIVE LUMINÁRIAS, SEM LÂMPADAS - FORNECIMENTO E INSTALACAO. AF_11/2019","SINAPI","UN",{"v":2,"d":"2.00"},{"v":3600.93,"d":"3,600.93"},{"v":4328.68,"d":"4,328.68"},{"v":7201.86,"d":"7,201.86"},{"v":8657.36,"d":"8,657.36"}]
["7.8","S07271","Poste de aço galvanizado cônico contíno reto, diâmetro superior de 60mm, diâmetro da\nbase 126mm, altura total 8m, Conipost ref. Série A0008/classe 30 da Conipost ou similar","ORSE","un",{"v":2,"d":"2.00"},{"v":2028.77,"d":"2,028.77"},{"v":2438.78,"d":"2,438.78"},{"v":4057.54,"d":"4,057.54"},{"v":4877.56,"d":"4,877.56"}]
["8","PINTURA",{"$nulls":6},{"v":12465.81,"d":"12,465.81"},{"v":14986.56,"d":"14,986.56"}]
["8.1",88489,"APLICAÇÃO MANUAL DE PINTURA COM TINTA LÁTEX ACRÍLICA EM PAREDES,\nDUAS DEMÃOS. AF_06/2014","SINAPI","M2",{"v":255,"d":"255.00"},10.83,13.02,{"v":2761.65,"d":"2,761.65"},{"v":3320.1,"d":"3,320.10"}]
["8.2",102504,"PINTURA DE DEMARCAÇÃO DE QUADRA POLIESPORTIVA COM TINTA ACRÍLICA,\nE = 5 CM, APLICAÇÃO MANUAL. AF_05/2021","SINAPI","M",{"v":120,"d":"120.00"},7.02,8.44,{"v":842.4,"d":"842.40"},{"v":1012.8,"d":"1,012.80"}]
["8.3",102492,"PINTURA DE PISO COM TINTA ACRÍLICA, APLICAÇÃO MANUAL, 3 DEMÃOS,\nINCLUSO FUNDO PREPARADOR. AF_05/2021","SINAPI","M2",{"v":543,"d":"543.00"},16.32,19.62,{"v":8861.76,"d":"8,861.76"},{"v":10653.66,"d":"10,653.66"}]
["9","SERVIÇOS DIVERSOS",{"$nulls":6},{"v":34373.98,"d":"34,373.98"},{"v":41320.3,"d":"41,320.30"}]
["9.1","S102364S","Alambrado para quadra poliesportiva, estruturado por tubos de aco galvanizado,\n(montantes com diametro 2\", travessas e escoras com diâmetro 1 ¼?), com tela de arame galvanizado, fio 10 bwg e malha quadrada 5x5cm (exceto mureta). af_03/2021","ORSE","m2",{"v":164.8,"d":"164.80"},208.58,250.73,{"v":34373.98,"d":"34,373.98"},{"v":41320.3,"d":"41,320.30"}]
["VALOR BDI TOTAL:                 26.725,51\nVALOR ORÇAMENTO:               132.224,99\nVALOR TOTAL:               158.950,50"]

{"sheet":"Table 2","index":1,"n_rows":17,"n_cols":8,"rows_kept":17,"merged":[[0,0,3,2],[0,3,0,7],[1,4,1,7],[2,4,2,7],[3,4,3,7],[4,2,4,4],[5,2,5,4],[6,2,6,4],[7,2,7,4],[8,2,8,4],[9,2,9,4],[10,2,10,4],[11,2,11,4],[12,2,12,4],[13,2,13,4],[14,2,14,4],[15,2,15,4],[16,2,16,4]]}
[{"$nulls":3},"DATA :\nRESUMO DO ORÇAMENTO\n18/02/2022"]
[{"$nulls":3},"OBRA:","REFORMA E AMPLIAÇÃO DO GINASIO COAPÃO"]
[{"$nulls":3},"DESCRIÇÃO:","TOMADA DE PREÇO 001/2022 AS 09:00 HORAS"]
[{"$nulls":3},"CLIENTE:","PREFEITURA MUNICIPAL DE MARCAÇÃO-PB"]
[null,"CÓDIGO","DESCRIÇÃO",{"$nulls":3},"PREÇO TOTAL","%"]
[1,null,"SERVIÇOS PRELIMINARES",{"$nulls":3},{"v":3014.51,"d":"3,014.51"},{"v":1.9,"d":"1.90"}]
[2,null,"RETIRADAS E DEMOLIÇÕES",{"$nulls":3},{"v":3989.54,"d":"3,989.54"},2.51]
[3,null,"FUNDAÇÃO",{"$nulls":3},{"v":18064.2,"d":"18,064.20"},11.36]
[4,null,"ALVENARIA",{"$nulls":3},{"v":7951.33,"d":"7,951.33"},{"v":5,"d":"5.00"}]
[5,null,"REVESTIMENTO",{"$nulls":3},{"v":4077.85,"d":"4,077.85"},2.57]
[6,null,"PAVIMENTAÇÃO",{"$nulls":3},{"v":47977.51,"d":"47,977.51"},30.18]
[7,null,"INSTALAÇÃO ELETRICA",{"$nulls":3},{"v":17568.7,"d":"17,568.70"},11.05]
[8,null,"PINTURA",{"$nulls":3},{"v":14986.56,"d":"14,986.56"},9.43]
[9,null,"SERVIÇOS DIVERSOS",{"$nulls":3},{"v":41320.3,"d":"41,320.30"},{"v":26,"d":"26.00"}]
[{"$nulls":5},"VALOR BDI TOTAL:",{"v":26725.51,"d":"26,725.51"},{"v":100,"d":"100.00"}]
[{"$nulls":5},"VALOR ORÇAMENTO:",{"v":132224.99,"d":"132,224.99"}]
[{"$nulls":5},"VALOR TOTAL:",{"v":158950.5,"d":"158,950.50"}]

{"sheet":"Table 3","index":2,"n_rows":45,"n_cols":11,"rows_kept":45,"merged":[[0,0,3,2],[0,3,0,10],[1,3,1,4],[1,5,1,10],[2,3,2,4],[2,5,2,10],[3,3,3,4],[3,5,3,10],[4,0,4,10],[5,0,5,5],[6,1,6,5],[7,1,7,5],[8,1,8,5],[9,1,9,5],[10,0,10,7],[10,8,10,9],[11,0,11,5],[12,1,12,5],[13,1,13,5],[14,1,14,5],[15,0,15,7],[15,8,15,9],[16,0,16,1],[16,2,16,3],[17,0,17,1],[17,2,17,3],[18,0,18,1],[18,2,18,3],[19,0,19,10],[20,0,20,5],[21,1,21,5],[22,1,22,5],[23,1,23,5],[24,0,24,7],[24,8,24,9],[25,0,25,5],[26,1,26,5],[27,1,27,5],[28,0,28,7],[28,8,28,9],[29,0,29,5],[30,1,30,5],[31,0,31,7],[31,8,31,9],[32,0,32,1],[32,2,32,3],[33,0,33,1],[33,2,33,3],[34,0,34,1],[34,2,34,3],[35,0,35,10],[36,0,36,5],[37,1,37,5],[38,1,38,5],[39,0,39,7],[39,8,39,9],[43,0,43,5],[44,1,44,5]]}
[{"$nulls":3},"DATA :\nRELATÓRIO ANALÍTICO - COMPOSIÇÕES DE CUSTOS\n18/02/2022"]
[{"$nulls":3},"OBRA:",null,"REFORMA E AMPLIAÇÃO DO GINASIO COAPÃO"]
[{"$nulls":3},"DESCRIÇÃO:",null,"TOMADA DE PREÇO 001/2022 AS 09:00 HORAS"]
[{"$nulls":3},"CLIENTE:",null,"PREFEITURA MUNICIPAL DE MARCAÇÃO-PB"]
["1.1. 74209/001 - PLACA DE OBRA EM CHAPA DE ACO GALVANIZADO (M2)"]
["MATERIAL",{"$nulls":5},"FONTE","UNID","COEFICIENTE","PREÇO UNITÁRIO","TOTAL"]
[{"v":4813,"d":"00004813"},"PLACA  DE  OBRA  (PARA  CONSTRUCAO  CIVIL)  EM  CHAPA GALVANIZADA  *N.  22*,  ADESIVADA,  DE  *2,0  X  1,125*  M",{"$nulls":4},"SINAPI","M2",{"v":1,"d":"1.00000000"},{"v":220.5,"d":"220.50"},{"v":220.5,"d":"220.50"}]
[{"v":4491,"d":"00004491"},"PONTALETE *7,5 X 7,5* CM EM PINUS, MISTA OU EQUIVALENTE DA REGIAO - BRUTA",{"$nulls":4},"SINAPI","M",{"v":4,"d":"4.00000000"},12.83,51.32]
[{"v":5075,"d":"00005075"},"PREGO DE ACO POLIDO COM CABECA 18 X 30 (2 3/4 X 10)",{"$nulls":4},"SINAPI","KG",{"v":0.11,"d":"0.11000000"},19.93,2.19]
[{"v":4417,"d":"00004417"},"SARRAFO  NAO  APARELHADO  *2,5  X  7*  CM,  EM  MACARANDUBA, ANGELIM  OU  EQUIVALENTE  DA  REGIAO  -   BRUTA",{"$nulls":4},"SINAPI","M",{"v":1,"d":"1.00000000"},4.98,4.98]
[{"$nulls":8},"TOTAL MATERIAL:",null,278.99]
["SERVICO",{"$nulls":5},"FONTE","UNID","COEFICIENTE","PREÇO UNITÁRIO","TOTAL"]
[88262,"CARPINTEIRO DE FORMAS COM ENCARGOS COMPLEMENTARES",{"$nulls":4},"SINAPI","H",{"v":1,"d":"1.00000000"},19.61,19.61]
[94962,"CONCRETO MAGRO PARA LASTRO, TRAÇO 1:4,5:4,5 (EM MASSA SECA DE CIMENTO/ AREIA MÉDIA/ BRITA 1) - PREPARO MECÂNICO COM BETONEIRA 400 L. AF_05/2021",{"$nulls":4},"SINAPI","M3",{"v":0.01,"d":"0.01000000"},285.52,2.85]
[88316,"SERVENTE COM ENCARGOS COMPLEMENTARES",{"$nulls":4},"SINAPI","H",{"v":2,"d":"2.00000000"},{"v":15.6,"d":"15.60"},{"v":31.2,"d":"31.20"}]
[{"$nulls":8},"TOTAL SERVICO:",null,53.66]
["VALOR:",null,332.65]
["VALOR BDI (20.21%):",null,67.23]
["VALOR COM BDI:",null,399.88]
["1.2. S04175 - Locação de praças com piquetes de madeira (M2)"]
["MAO DE OBRA",{"$nulls":5},"FONTE","UNID","COEFICIENTE","PREÇO UNITÁRIO","TOTAL"]
["I00048","Auxiliar topografia - T4 - Segundo grau completo - DNIT -   Mês de ref.: 02/20",{"$nulls":4},"ORSE","h",{"v":0.005,"d":"0.00500000"},21.76,0.11]
["I06111S","Servente de obras",{"$nulls":4},"ORSE","h",{"v":0.01,"d":"0.01000000"},10.58,0.11]
["I00070","Topografo - T2 - Fonte DNIT -  Mês de ref.: 02/20",{"$nulls":4},"ORSE","h",{"v":0.005,"d":"0.00500000"},{"v":36.3,"d":"36.30"},0.18]
[{"$nulls":8},"TOTAL MAO DE OBRA:",null,{"v":0.4,"d":"0.40"}]
["MATERIAL",{"$nulls":5},"FONTE","UNID","COEFICIENTE","PREÇO UNITÁRIO","TOTAL"]
["I01569","Madeira mista serrada (barrote) 6 x 6cm - 0,0036 m3/m (angelim, louro)",{"$nulls":4},"ORSE","m",{"v":0.024,"d":"0.02400000"},{"v":8,"d":"8.00"},0.19]
["I01886","Prego 1 1/2\" x 13 (15 x 18)",{"$nulls":4},"ORSE","kg",{"v":0.0005,"d":"0.00050000"},23.62,0.01]
[{"$nulls":8},"TOTAL MATERIAL:",null,{"v":0.2,"d":"0.20"}]
["SERVICO",{"$nulls":5},"FONTE","UNID","COEFICIENTE","PREÇO UNITÁRIO","TOTAL"]
["S10549","Encargos Complementares - Servente",{"$nulls":4},"ORSE","h",{"v":0.01,"d":"0.01000000"},3.52,0.04]
[{"$nulls":8},"TOTAL SERVICO:",null,0.04]
["VALOR:",null,0.64]
["VALOR BDI (20.21%):",null,0.13]
["VALOR COM BDI:",null,0.77]
["2.1. S08344 - Desmontagem de Estrutura Metálica com retirada de solda e corte de peças por meio de lixadeira (m2)"]
["EQUIPAMENTO",{"$nulls":5},"FONTE","UNID","COEFICIENTE","PREÇO UNITÁRIO","TOTAL"]
["I04182","Aluguel de lixadeira Industrial marca Bosch",{"$nulls":4},"ORSE","h",{"v":0.2,"d":"0.20000000"},1.26,0.25]
["I06789","Disco de desbaste 7\", para ferro",{"$nulls":4},"ORSE","un",{"v":0.02,"d":"0.02000000"},{"v":8,"d":"8.00"},0.16]
[{"$nulls":8},"TOTAL EQUIPAMENTO:",null,0.41]
[]
[]
[]
["MAO DE OBRA",{"$nulls":5},"FONTE","UNID","COEFICIENTE","PREÇO UNITÁRIO","TOTAL"]
["I06111S","Servente de obras",{"$nulls":4},"ORSE","h",{"v":0.2,"d":"0.20000000"},10.58,2.12]

{"sheet":"Table 4","index":3,"n_rows":41,"n_cols":9,"rows_kept":41,"merged":[[0,1,0,3],[1,0,1,5],[1,6,1,7],[2,0,2,3],[3,1,3,3],[4,1,4,3],[5,0,5,5],[5,6,5,7],[6,0,6,1],[7,0,7,1],[8,0,8,1],[9,0,9,8],[10,0,10,3],[11,1,11,3],[12,1,12,3],[13,0,13,5],[13,6,13,7],[14,0,14,1],[15,0,15,1],[16,0,16,1],[17,0,17,8],[18,0,18,3],[19,1,19,3],[20,0,20,5],[20,6,20,7],[21,0,21,1],[22,0,22,1],[23,0,23,1],[24,0,24,8],[25,0,25,3],[26,1,26,3],[27,0,27,5],[27,6,27,7],[28,0,28,3],[29,1,29,3],[30,1,30,3],[31,1,31,3],[32,0,32,5],[32,6,32,7],[33,0,33,1],[34,0,34,1],[35,0,35,1],[40,0,40,8]]}
["I06160S","Soldador",null,null,"ORSE","h",{"v":0.2,"d":"0.20000000"},16.18,3.24]
[{"$nulls":6},"TOTAL MAO DE OBRA:",null,5.36]
["SERVICO",{"$nulls":3},"FONTE","UNID","COEFICIENTE","PREÇO UNITÁRIO","TOTAL"]
["S10549","Encargos Complementares - Servente",null,null,"ORSE","h",{"v":0.2,"d":"0.20000000"},3.52,{"v":0.7,"d":"0.70"}]
["S10603","Encargos Complementares - Soldador",null,null,"ORSE","h",{"v":0.2,"d":"0.20000000"},4.07,0.81]
[{"$nulls":6},"TOTAL SERVICO:",null,1.51]
["VALOR:",null,7.28]
["VALOR BDI (20.21%):",null,1.47]
["VALOR COM BDI:",null,8.75]
["2.2. 97622 - DEMOLIÇÃO DE ALVENARIA DE BLOCO FURADO, DE FORMA MANUAL, SEM REAPROVEITAMENTO. AF_12/2017 (M3)"]
["SERVICO",{"$nulls":3},"FONTE","UNID","COEFICIENTE","PREÇO UNITÁRIO","TOTAL"]
[88309,"PEDREIRO COM ENCARGOS COMPLEMENTARES",null,null,"SINAPI","H",{"v":0.225,"d":"0.22500000"},19.82,4.45]
[88316,"SERVENTE COM ENCARGOS COMPLEMENTARES",null,null,"SINAPI","H",{"v":2.3248,"d":"2.32480000"},{"v":15.6,"d":"15.60"},36.26]
[{"$nulls":6},"TOTAL SERVICO:",null,40.71]
["VALOR:",null,40.71]
["VALOR BDI (20.21%):",null,8.23]
["VALOR COM BDI:",null,48.94]
["3.1. 93358 - ESCAVAÇÃO MANUAL DE VALA COM PROFUNDIDADE MENOR OU IGUAL A 1,30 M. AF_02/2021 (M3)"]
["SERVICO",{"$nulls":3},"FONTE","UNID","COEFICIENTE","PREÇO UNITÁRIO","TOTAL"]
[88316,"SERVENTE COM ENCARGOS COMPLEMENTARES",null,null,"SINAPI","H",{"v":3.956,"d":"3.95600000"},{"v":15.6,"d":"15.60"},61.71]
[{"$nulls":6},"TOTAL SERVICO:",null,61.71]
["VALOR:",null,61.71]
["VALOR BDI (20.21%):",null,12.47]
["VALOR COM BDI:",null,74.18]
["3.2. 101166 - ALVENARIA DE EMBASAMENTO COM BLOCO ESTRUTURAL DE CERÂMICA, DE 14X19X29CM E ARGAMASSA DE ASSENTAMENTO COM PREPARO EM BETONEIRA. AF_05/2020 (M3)"]
["MATERIAL",{"$nulls":3},"FONTE","UNID","COEFICIENTE","PREÇO UNITÁRIO","TOTAL"]
[{"v":34586,"d":"00034586"},"BLOCO ESTRUTURAL CERAMICO 14 X 19 X 29 CM, 6,0 MPA (NBR\n15270)",null,null,"SINAPI","UN",{"v":122.27,"d":"122.27000000"},1.82,222.53]
[{"$nulls":6},"TOTAL MATERIAL:",null,222.53]
["SERVICO",{"$nulls":3},"FONTE","UNID","COEFICIENTE","PREÇO UNITÁRIO","TOTAL"]
[87292,"ARGAMASSA TRAÇO 1:2:8 (EM VOLUME DE CIMENTO, CAL E AREIA MÉDIA ÚMIDA) PARA EMBOÇO/MASSA ÚNICA/ASSENTAMENTO DE ALVENARIA DE VEDAÇÃO, PREPARO MECÂNICO COM BETONEIRA 400 L. AF_08/2019",null,null,"SINAPI","M3",{"v":0.13,"d":"0.13000000"},359.45,46.72]
[88309,"PEDREIRO COM ENCARGOS COMPLEMENTARES",null,null,"SINAPI","H",{"v":8.344,"d":"8.34400000"},19.82,165.37]
[88316,"SERVENTE COM ENCARGOS COMPLEMENTARES",null,null,"SINAPI","H",{"v":4.172,"d":"4.17200000"},{"v":15.6,"d":"15.60"},65.08]
[{"$nulls":6},"TOTAL SERVICO:",null,277.17]
["VALOR:",null,{"v":499.7,"d":"499.70"}]
["VALOR BDI (20.21%):",null,100.99]
["VALOR COM BDI:",null,600.69]
[]
[]
[]
[]
["3.3. 93205 - CINTA DE AMARRAÇÃO DE ALVENARIA MOLDADA IN LOCO COM UTILIZAÇÃO DE BLOCOS CANALETA. AF_03/2016 (M)"]

{"sheet":"Table 5","index":4,"n_rows":33,"n_cols":9,"rows_kept":33,"merged":[[0,0,0,3],[1,1,1,3],[2,0,2,5],[2,6,2,7],[3,0,3,3],[4,1,4,3],[5,1,5,3],[6,1,6,3],[7,1,7,3],[8,1,8,3],[9,0,9,5],[9,6,9,7],[10,0,10,1],[11,0,11,1],[12,0,12,1],[13,0,13,8],[14,0,14,3],[15,1,15,3],[16,1,16,3],[17,1,17,3],[18,1,18,3],[19,0,19,5],[19,6,19,7],[20,0,20,1],[21,0,21,1],[22,0,22,1],[23,0,23,8],[24,0,24,3],[25,1,25,3],[26,1,26,3],[27,1,27,3],[28,0,28,5],[28,6,28,7],[31,0,32,5],[31,6,31,7],[32,6,32,7]]}
["MATERIAL",{"$nulls":3},"FONTE","UNID","COEFICIENTE","PREÇO UNITÁRIO","TOTAL"]
[{"v":659,"d":"00000659"},"CANALETA DE CONCRETO 14 X 19 X 19 CM (CLASSE C - NBR 6136)",null,null,"SINAPI","UN",{"v":5.34,"d":"5.34000000"},1.95,10.41]
[{"$nulls":6},"TOTAL MATERIAL:",null,10.41]
["SERVICO",{"$nulls":3},"FONTE","UNID","COEFICIENTE","PREÇO UNITÁRIO","TOTAL"]
[87294,"ARGAMASSA TRAÇO 1:2:9 (EM VOLUME DE CIMENTO, CAL E AREIA MÉDIA ÚMIDA) PARA EMBOÇO/MASSA ÚNICA/ASSENTAMENTO DE ALVENARIA DE VEDAÇÃO, PREPARO MECÂNICO COM BETONEIRA 600 L. AF_08/2019",null,null,"SINAPI","M3",{"v":0.0014,"d":"0.00140000"},346.19,0.48]
[92793,"CORTE E DOBRA DE AÇO CA-50, DIÂMETRO DE 8,0 MM, UTILIZADO EM ESTRUTURAS DIVERSAS, EXCETO LAJES. AF_12/2015",null,null,"SINAPI","KG",{"v":0.79,"d":"0.79000000"},14.42,11.39]
[90279,"GRAUTE FGK=20 MPA; TRAÇO 1:0,04:1,6:1,9 (CIMENTO/ CAL/ AREIA GROSSA/ BRITA 0) - PREPARO MECÂNICO COM BETONEIRA 400 L. AF_02/2015",null,null,"SINAPI","M3",{"v":0.0114,"d":"0.01140000"},339.63,3.87]
[88309,"PEDREIRO COM ENCARGOS COMPLEMENTARES",null,null,"SINAPI","H",{"v":0.253,"d":"0.25300000"},19.82,5.01]
[88316,"SERVENTE COM ENCARGOS COMPLEMENTARES",null,null,"SINAPI","H",{"v":0.126,"d":"0.12600000"},{"v":15.6,"d":"15.60"},1.96]
[{"$nulls":6},"TOTAL SERVICO:",null,22.71]
["VALOR:",null,33.12]
["VALOR BDI (20.21%):",null,6.69]
["VALOR COM BDI:",null,39.81]
["4.1. 89168 - (COMPOSIÇÃO REPRESENTATIVA) DO SERVIÇO DE ALVENARIA DE VEDAÇÃO DE BLOCOS VAZADOS DE CERÂMICA DE 9X19X19CM (ESPESSURA 9CM), PARA EDIFICAÇÃO HABITACIONAL UNIFAMILIAR (CASA) E EDIFICAÇÃO PÚBLICA PADRÃO. AF_11/2014 (M2)"]
["SERVICO",{"$nulls":3},"FONTE","UNID","COEFICIENTE","PREÇO UNITÁRIO","TOTAL"]
[87519,"ALVENARIA DE VEDAÇÃO DE BLOCOS CERÂMICOS FURADOS NA HORIZONTAL DE 9X19X19CM (ESPESSURA 9CM) DE PAREDES COM ÁREA LÍQUIDA MAIOR OU IGUAL A 6M² COM VÃOS E ARGAMASSA DE ASSENTAMENTO COM PREPARO EM BETONEIRA. AF_06/2014",null,null,"SINAPI","M2",{"v":0.3168,"d":"0.31680000"},66.12,20.94]
[87503,"ALVENARIA DE VEDAÇÃO DE BLOCOS CERÂMICOS FURADOS NA HORIZONTAL DE 9X19X19CM (ESPESSURA 9CM) DE PAREDES COM ÁREA LÍQUIDA MAIOR OU IGUAL A 6M² SEM VÃOS E ARGAMASSA DE ASSENTAMENTO COM PREPARO EM BETONEIRA. AF_06/2014",null,null,"SINAPI","M2",{"v":0.2028,"d":"0.20280000"},60.89,12.34]
[87511,"ALVENARIA DE VEDAÇÃO DE BLOCOS CERÂMICOS FURADOS NA HORIZONTAL DE 9X19X19CM (ESPESSURA 9CM) DE PAREDES COM ÁREA  LÍQUIDA  MENOR  QUE  6M²  COM  VÃOS  E  ARGAMASSA  DE ASSENTAMENTO  COM  PREPARO  EM  BETONEIRA.  AF_06/2014",null,null,"SINAPI","M2",{"v":0.247,"d":"0.24700000"},78.94,19.49]
[87495,"ALVENARIA DE VEDAÇÃO DE BLOCOS CERÂMICOS FURADOS NA HORIZONTAL DE 9X19X19CM (ESPESSURA 9CM) DE PAREDES COM ÁREA  LÍQUIDA  MENOR  QUE  6M²  SEM  VÃOS  E  ARGAMASSA  DE ASSENTAMENTO  COM  PREPARO  EM  BETONEIRA.  AF_06/2014",null,null,"SINAPI","M2",{"v":0.2334,"d":"0.23340000"},70.68,16.49]
[{"$nulls":6},"TOTAL SERVICO:",null,69.26]
["VALOR:",null,69.26]
["VALOR BDI (20.21%):",null,{"v":14,"d":"14.00"}]
["VALOR COM BDI:",null,83.26]
["5.1. 87893 - CHAPISCO APLICADO EM ALVENARIA (SEM PRESENÇA DE VÃOS) E ESTRUTURAS DE CONCRETO DE FACHADA, COM COLHER DE PEDREIRO. ARGAMASSA TRAÇO 1:3 COM PREPARO MANUAL. AF_06/2014 (M2)"]
["SERVICO",{"$nulls":3},"FONTE","UNID","COEFICIENTE","PREÇO UNITÁRIO","TOTAL"]
[87377,"ARGAMASSA  TRAÇO  1:3  (EM  VOLUME  DE  CIMENTO  E  AREIA GROSSA  ÚMIDA)  PARA  CHAPISCO  CONVENCIONAL,  PREPARO MANUAL.  AF_08/2019",null,null,"SINAPI","M3",{"v":0.0042,"d":"0.00420000"},478.04,{"v":2,"d":"2.00"}]
[88309,"PEDREIRO COM ENCARGOS COMPLEMENTARES",null,null,"SINAPI","H",{"v":0.124,"d":"0.12400000"},19.82,2.45]
[88316,"SERVENTE COM ENCARGOS COMPLEMENTARES",null,null,"SINAPI","H",{"v":0.062,"d":"0.06200000"},{"v":15.6,"d":"15.60"},0.96]
[{"$nulls":6},"TOTAL SERVICO:",null,5.41]
[]
[]
[{"$nulls":6},"VALOR:",null,5.41]
[{"$nulls":6},"VALOR BDI (20.21%):",null,1.09]

{"sheet":"Table 6","index":5,"n_rows":35,"n_cols":10,"rows_kept":35,"merged":[[0,0,0,8],[0,9,0,10],[1,0,1,9],[2,0,2,3],[2,8,2,9],[3,1,3,3],[3,8,3,9],[4,0,4,5],[4,6,4,7],[4,8,4,9],[5,0,5,3],[5,8,5,9],[6,1,6,3],[6,8,6,9],[7,1,7,3],[7,8,7,9],[8,1,8,3],[8,8,8,9],[9,0,9,5],[9,6,9,7],[9,8,9,9],[10,0,10,1],[11,0,11,1],[12,0,12,1],[13,0,13,9],[14,0,14,3],[14,8,14,9],[15,1,15,3],[15,8,15,9],[16,0,16,5],[16,6,16,7],[16,8,16,9],[17,0,17,3],[17,8,17,9],[18,1,18,3],[18,8,18,9],[19,1,19,3],[19,8,19,9],[20,1,20,3],[20,8,20,9],[21,1,21,3],[21,8,21,9],[22,1,22,3],[22,8,22,9],[23,0,23,5],[23,6,23,7],[23,8,23,9],[24,0,24,1],[25,0,25,1],[26,0,26,1],[30,0,30,9],[31,0,31,3],[31,8,31,9],[32,1,32,3],[32,8,32,9],[33,1,33,3],[33,8,33,9],[34,1,34,3],[34,8,34,9]]}
["VALOR COM BDI:",{"$nulls":8},{"v":6.5,"d":"6.50"}]
["5.2. 87794 - EMBOÇO OU MASSA ÚNICA EM ARGAMASSA TRAÇO 1:2:8, PREPARO MANUAL, APLICADA MANUALMENTE EM PANOS CEGOS DE FACHADA (SEM PRESENÇA DE VÃOS), ESPESSURA DE 25 MM. AF_06/2014 (M2)"]
["MATERIAL",{"$nulls":3},"FONTE","UNID","COEFICIENTE","PREÇO UNITÁRIO","TOTAL"]
[{"v":37411,"d":"00037411"},"TELA DE ACO SOLDADA GALVANIZADA/ZINCADA PARA ALVENARIA, FIO D = *1,24 MM, MALHA 25 X 25 MM",null,null,"SINAPI","M2",{"v":0.1581,"d":"0.15810000"},15.55,2.45]
[{"$nulls":6},"TOTAL MATERIAL:",null,2.45]
["SERVICO",{"$nulls":3},"FONTE","UNID","COEFICIENTE","PREÇO UNITÁRIO","TOTAL"]
[87369,"ARGAMASSA TRAÇO 1:2:8 (EM VOLUME DE CIMENTO, CAL E AREIA MÉDIA ÚMIDA) PARA EMBOÇO/MASSA ÚNICA/ASSENTAMENTO DE ALVENARIA DE VEDAÇÃO, PREPARO MANUAL. AF_08/2019",null,null,"SINAPI","M3",{"v":0.0293,"d":"0.02930000"},460.82,{"v":13.5,"d":"13.50"}]
[88309,"PEDREIRO COM ENCARGOS COMPLEMENTARES",null,null,"SINAPI","H",{"v":0.4,"d":"0.40000000"},19.82,7.92]
[88316,"SERVENTE COM ENCARGOS COMPLEMENTARES",null,null,"SINAPI","H",{"v":0.4,"d":"0.40000000"},{"v":15.6,"d":"15.60"},6.24]
[{"$nulls":6},"TOTAL SERVICO:",null,27.66]
["VALOR:",null,30.11]
["VALOR BDI (20.21%):",null,6.09]
["VALOR COM BDI:",null,{"v":36.2,"d":"36.20"}]
["6.1. 94319 - ATERRO MANUAL DE VALAS COM SOLO ARGILO-ARENOSO E COMPACTAÇÃO MECANIZADA. AF_05/2016 (M3)"]
["MATERIAL",{"$nulls":3},"FONTE","UNID","COEFICIENTE","PREÇO UNITÁRIO","TOTAL"]
[{"v":6079,"d":"00006079"},"ARGILA, ARGILA VERMELHA OU ARGILA ARENOSA (RETIRADA NA JAZIDA, SEM TRANSPORTE)",null,null,"SINAPI","M3",{"v":1.25,"d":"1.25000000"},9.75,12.18]
[{"$nulls":6},"TOTAL MATERIAL:",null,12.18]
["SERVICO",{"$nulls":3},"FONTE","UNID","COEFICIENTE","PREÇO UNITÁRIO","TOTAL"]
[5903,"CAMINHÃO PIPA 10.000 L TRUCADO, PESO BRUTO TOTAL 23.000 KG, CARGA ÚTIL MÁXIMA 15.935 KG, DISTÂNCIA ENTRE EIXOS 4,8 M,  POTÊNCIA  230  CV,  INCLUSIVE  TANQUE  DE  AÇO  PARA TRANSPORTE  DE  ÁGUA  -  CHI  DIURNO.  AF_06/2014",null,null,"SINAPI","CHI",{"v":0.003,"d":"0.00300000"},36.97,0.11]
[5901,"CAMINHÃO PIPA 10.000 L TRUCADO, PESO BRUTO TOTAL 23.000 KG, CARGA ÚTIL MÁXIMA 15.935 KG, DISTÂNCIA ENTRE EIXOS 4,8 M,  POTÊNCIA  230  CV,  INCLUSIVE  TANQUE  DE  AÇO  PARA TRANSPORTE  DE  ÁGUA  -  CHP  DIURNO.  AF_06/2014",null,null,"SINAPI","CHP",{"v":0.006,"d":"0.00600000"},206.45,1.23]
[91534,"COMPACTADOR  DE  SOLOS  DE  PERCUSSÃO  (SOQUETE)  COM MOTOR  A  GASOLINA  4  TEMPOS,  POTÊNCIA  4  CV  -  CHI  DIURNO. AF_08/2015",null,null,"SINAPI","CHI",{"v":0.254,"d":"0.25400000"},17.35,{"v":4.4,"d":"4.40"}]
[91533,"COMPACTADOR  DE  SOLOS  DE  PERCUSSÃO  (SOQUETE)  COM MOTOR A GASOLINA 4 TEMPOS, POTÊNCIA 4 CV - CHP DIURNO. AF_08/2015",null,null,"SINAPI","CHP",{"v":0.274,"d":"0.27400000"},23.63,6.47]
[88316,"SERVENTE COM ENCARGOS COMPLEMENTARES",null,null,"SINAPI","H",{"v":0.659,"d":"0.65900000"},{"v":15.6,"d":"15.60"},10.28]
[{"$nulls":6},"TOTAL SERVICO:",null,22.49]
["VALOR:",null,34.67]
["VALOR BDI (20.21%):",null,7.01]
["VALOR COM BDI:",null,41.68]
[]
[]
[]
["6.2. 92396 - EXECUÇÃO DE PASSEIO EM PISO INTERTRAVADO, COM BLOCO RETANGULAR COR NATURAL DE 20 X 10 CM, ESPESSURA 6 CM. AF_12/2015 (M2)"]
["MATERIAL",{"$nulls":3},"FONTE","UNID","COEFICIENTE","PREÇO UNITÁRIO","TOTAL"]
[{"v":370,"d":"00000370"},"AREIA  MEDIA  -  POSTO  JAZIDA/FORNECEDOR  (RETIRADO  NA JAZIDA,  SEM  TRANSPORTE)",null,null,"SINAPI","M3",{"v":0.0568,"d":"0.05680000"},{"v":78.4,"d":"78.40"},4.45]
[{"v":36155,"d":"00036155"},"BLOQUETE/PISO  INTERTRAVADO  DE  CONCRETO  -  MODELO O                 N                 D                 A                 /                 1                 6\nFACES/RETANGULAR/TIJOLINHO/PAVER/HOLANDES/PARALELEPIP EDO,  20  CM  X  10  CM,  E  =  6  CM,  RESISTENCIA  DE  35  MPA  (NBR 9781),  COR  NATURAL",null,null,"SINAPI","M2",{"v":1.0487,"d":"1.04870000"},{"v":30.4,"d":"30.40"},31.88]
[{"v":4741,"d":"00004741"},"PO DE PEDRA (POSTO PEDREIRA/FORNECEDOR, SEM FRETE)",null,null,"SINAPI","M3",{"v":0.0065,"d":"0.00650000"},73.67,0.47]

{"sheet":"Table 7","index":6,"n_rows":32,"n_cols":9,"rows_kept":32,"merged":[[0,0,0,9],[1,0,1,3],[2,1,2,3],[3,1,3,3],[4,1,4,3],[5,1,5,3],[6,1,6,3],[7,1,7,3],[8,0,8,5],[8,6,8,7],[9,0,9,1],[10,0,10,1],[11,0,11,1],[12,0,12,8],[13,0,13,3],[14,1,14,3],[15,1,15,3],[16,1,16,3],[17,0,17,5],[17,6,17,7],[18,0,18,3],[19,1,19,3],[20,1,20,3],[21,1,21,3],[22,1,22,3],[23,1,23,3],[24,1,24,3],[25,0,25,5],[25,6,25,7],[26,0,26,1],[27,0,27,1],[28,0,28,1],[31,0,31,8]]}
["TOTAL MATERIAL:                           36,80"]
["SERVICO",{"$nulls":3},"FONTE","UNID","COEFICIENTE","PREÇO UNITÁRIO","TOTAL"]
[88260,"CALCETEIRO COM ENCARGOS COMPLEMENTARES",null,null,"SINAPI","H",{"v":0.3975,"d":"0.39750000"},19.71,7.83]
[91285,"CORTADORA  DE  PISO  COM  MOTOR  4  TEMPOS  A  GASOLINA, POTÊNCIA  DE  13  HP,  COM  DISCO  DE  CORTE  DIAMANTADO SEGMENTADO PARA CONCRETO, DIÂMETRO DE 350 MM, FURO DE 1\" (14 X 1\") - CHI DIURNO. AF_08/2015",null,null,"SINAPI","CHI",{"v":0.1504,"d":"0.15040000"},0.91,0.13]
[91283,"CORTADORA  DE  PISO  COM  MOTOR  4  TEMPOS  A  GASOLINA, POTÊNCIA  DE  13  HP,  COM  DISCO  DE  CORTE  DIAMANTADO SEGMENTADO PARA CONCRETO, DIÂMETRO DE 350 MM, FURO DE 1\" (14 X 1\") - CHP DIURNO. AF_08/2015",null,null,"SINAPI","CHP",{"v":0.0483,"d":"0.04830000"},19.89,0.96]
[91278,"PLACA  VIBRATÓRIA  REVERSÍVEL  COM  MOTOR  4  TEMPOS  A GASOLINA, FORÇA CENTRÍFUGA DE 25 KN (2500 KGF), POTÊNCIA 5,5 CV - CHI DIURNO. AF_08/2015",null,null,"SINAPI","CHI",{"v":0.1947,"d":"0.19470000"},0.51,0.09]
[91277,"PLACA  VIBRATÓRIA  REVERSÍVEL  COM  MOTOR  4  TEMPOS  A GASOLINA, FORÇA CENTRÍFUGA DE 25 KN (2500 KGF), POTÊNCIA 5,5 CV - CHP DIURNO. AF_08/2015",null,null,"SINAPI","CHP",{"v":0.0041,"d":"0.00410000"},8.59,0.03]
[88316,"SERVENTE COM ENCARGOS COMPLEMENTARES",null,null,"SINAPI","H",{"v":0.3975,"d":"0.39750000"},{"v":15.6,"d":"15.60"},{"v":6.2,"d":"6.20"}]
[{"$nulls":6},"TOTAL SERVICO:",null,15.24]
["VALOR:",null,52.04]
["VALOR BDI (20.21%):",null,10.52]
["VALOR COM BDI:",null,62.56]
["6.3. 93679 - EXECUÇÃO DE PASSEIO EM PISO INTERTRAVADO, COM BLOCO RETANGULAR COLORIDO DE 20 X 10 CM, ESPESSURA 6 CM. AF_12/2015 (M2)"]
["MATERIAL",{"$nulls":3},"FONTE","UNID","COEFICIENTE","PREÇO UNITÁRIO","TOTAL"]
[{"v":370,"d":"00000370"},"AREIA  MEDIA  -  POSTO  JAZIDA/FORNECEDOR  (RETIRADO  NA JAZIDA,  SEM  TRANSPORTE)",null,null,"SINAPI","M3",{"v":0.0568,"d":"0.05680000"},{"v":78.4,"d":"78.40"},4.45]
[{"v":36156,"d":"00036156"},"BLOQUETE/PISO  INTERTRAVADO  DE  CONCRETO  -  MODELO O                 N                 D                 A                 /                 1                 6\nFACES/RETANGULAR/TIJOLINHO/PAVER/HOLANDES/PARALELEPIP EDO,  20  CM  X  10  CM,  E  =  6  CM,  RESISTENCIA  DE  35  MPA  (NBR 9781),  COLORIDO",null,null,"SINAPI","M2",{"v":1.0487,"d":"1.04870000"},35.15,36.86]
[{"v":4741,"d":"00004741"},"PO DE PEDRA (POSTO PEDREIRA/FORNECEDOR, SEM FRETE)",null,null,"SINAPI","M3",{"v":0.0065,"d":"0.00650000"},73.67,0.47]
[{"$nulls":6},"TOTAL MATERIAL:",null,41.78]
["SERVICO",{"$nulls":3},"FONTE","UNID","COEFICIENTE","PREÇO UNITÁRIO","TOTAL"]
[88260,"CALCETEIRO COM ENCARGOS COMPLEMENTARES",null,null,"SINAPI","H",{"v":0.3975,"d":"0.39750000"},19.71,7.83]
[91285,"CORTADORA  DE  PISO  COM  MOTOR  4  TEMPOS  A  GASOLINA, POTÊNCIA  DE  13  HP,  COM  DISCO  DE  CORTE  DIAMANTADO SEGMENTADO PARA CONCRETO, DIÂMETRO DE 350 MM, FURO DE 1\" (14 X 1\") - CHI DIURNO. AF_08/2015",null,null,"SINAPI","CHI",{"v":0.1504,"d":"0.15040000"},0.91,0.13]
[91283,"CORTADORA  DE  PISO  COM  MOTOR  4  TEMPOS  A  GASOLINA, POTÊNCIA  DE  13  HP,  COM  DISCO  DE  CORTE  DIAMANTADO SEGMENTADO PARA CONCRETO, DIÂMETRO DE 350 MM, FURO DE 1\" (14 X 1\") - CHP DIURNO. AF_08/2015",null,null,"SINAPI","CHP",{"v":0.0483,"d":"0.04830000"},19.89,0.96]
[91278,"PLACA  VIBRATÓRIA  REVERSÍVEL  COM  MOTOR  4  TEMPOS  A GASOLINA, FORÇA CENTRÍFUGA DE 25 KN (2500 KGF), POTÊNCIA 5,5 CV - CHI DIURNO. AF_08/2015",null,null,"SINAPI","CHI",{"v":0.1947,"d":"0.19470000"},0.51,0.09]
[91277,"PLACA  VIBRATÓRIA  REVERSÍVEL  COM  MOTOR  4  TEMPOS  A GASOLINA, FORÇA CENTRÍFUGA DE 25 KN (2500 KGF), POTÊNCIA 5,5 CV - CHP DIURNO. AF_08/2015",null,null,"SINAPI","CHP",{"v":0.0041,"d":"0.00410000"},8.59,0.03]
[88316,"SERVENTE COM ENCARGOS COMPLEMENTARES",null,null,"SINAPI","H",{"v":0.3975,"d":"0.39750000"},{"v":15.6,"d":"15.60"},{"v":6.2,"d":"6.20"}]
[{"$nulls":6},"TOTAL SERVICO:",null,15.24]
["VALOR:",null,57.02]
["VALOR BDI (20.21%):",null,11.52]
["VALOR COM BDI:",null,68.54]
[]
[]
["6.4. 92393 - EXECUÇÃO DE PAVIMENTO EM PISO INTERTRAVADO, COM BLOCO SEXTAVADO DE 25 X 25 CM, ESPESSURA 6 CM. AF_12/2015 (M2)"]

{"sheet":"Table 8","index":7,"n_rows":32,"n_cols":9,"rows_kept":32,"merged":[[0,0,0,3],[1,1,1,3],[2,1,2,3],[3,1,3,3],[4,0,4,5],[4,6,4,7],[5,0,5,3],[6,1,6,3],[7,1,7,3],[8,1,8,3],[9,1,9,3],[10,1,10,3],[11,1,11,3],[12,0,12,5],[12,6,12,7],[13,0,13,1],[14,0,14,1],[15,0,15,1],[16,0,16,8],[17,0,17,3],[18,1,18,3],[19,1,19,3],[20,1,20,3],[21,1,21,3],[22,1,22,3],[23,1,23,3],[24,1,24,3],[25,1,25,3],[26,1,26,3],[27,1,27,3],[28,0,28,5],[28,6,28,7],[30,0,30,3],[31,1,31,3]]}
["MATERIAL",{"$nulls":3},"FONTE","UNID","COEFICIENTE","PREÇO UNITÁRIO","TOTAL"]
[{"v":370,"d":"00000370"},"AREIA  MEDIA  -  POSTO  JAZIDA/FORNECEDOR  (RETIRADO  NA JAZIDA,  SEM  TRANSPORTE)",null,null,"SINAPI","M3",{"v":0.0568,"d":"0.05680000"},{"v":78.4,"d":"78.40"},4.45]
[{"v":711,"d":"00000711"},"BLOQUETE/PISO  INTERTRAVADO  DE  CONCRETO  -  MODELO SEXTAVADO / HEXAGONAL, 25 CM X 25 CM, E = 6 CM, RESISTENCIA DE 35 MPA (NBR 9781), COR NATURAL",null,null,"SINAPI","M2",{"v":1.0174,"d":"1.01740000"},30.55,31.08]
[{"v":4741,"d":"00004741"},"PO DE PEDRA (POSTO PEDREIRA/FORNECEDOR, SEM FRETE)",null,null,"SINAPI","M3",{"v":0.0064,"d":"0.00640000"},73.67,0.47]
[{"$nulls":6},"TOTAL MATERIAL:",null,{"v":36,"d":"36.00"}]
["SERVICO",{"$nulls":3},"FONTE","UNID","COEFICIENTE","PREÇO UNITÁRIO","TOTAL"]
[88260,"CALCETEIRO COM ENCARGOS COMPLEMENTARES",null,null,"SINAPI","H",{"v":0.1259,"d":"0.12590000"},19.71,2.48]
[91285,"CORTADORA  DE  PISO  COM  MOTOR  4  TEMPOS  A  GASOLINA, POTÊNCIA  DE  13  HP,  COM  DISCO  DE  CORTE  DIAMANTADO SEGMENTADO PARA CONCRETO, DIÂMETRO DE 350 MM, FURO DE 1\" (14 X 1\") - CHI DIURNO. AF_08/2015",null,null,"SINAPI","CHI",{"v":0.0495,"d":"0.04950000"},0.91,0.04]
[91283,"CORTADORA  DE  PISO  COM  MOTOR  4  TEMPOS  A  GASOLINA, POTÊNCIA  DE  13  HP,  COM  DISCO  DE  CORTE  DIAMANTADO SEGMENTADO PARA CONCRETO, DIÂMETRO DE 350 MM, FURO DE 1\" (14 X 1\") - CHP DIURNO. AF_08/2015",null,null,"SINAPI","CHP",{"v":0.0135,"d":"0.01350000"},19.89,0.26]
[91278,"PLACA  VIBRATÓRIA  REVERSÍVEL  COM  MOTOR  4  TEMPOS  A GASOLINA, FORÇA CENTRÍFUGA DE 25 KN (2500 KGF), POTÊNCIA 5,5 CV - CHI DIURNO. AF_08/2015",null,null,"SINAPI","CHI",{"v":0.0589,"d":"0.05890000"},0.51,0.03]
[91277,"PLACA  VIBRATÓRIA  REVERSÍVEL  COM  MOTOR  4  TEMPOS  A GASOLINA, FORÇA CENTRÍFUGA DE 25 KN (2500 KGF), POTÊNCIA 5,5 CV - CHP DIURNO. AF_08/2015",null,null,"SINAPI","CHP",{"v":0.0041,"d":"0.00410000"},8.59,0.03]
[88316,"SERVENTE COM ENCARGOS COMPLEMENTARES",null,null,"SINAPI","H",{"v":0.1259,"d":"0.12590000"},{"v":15.6,"d":"15.60"},1.96]
[{"$nulls":6},"TOTAL SERVICO:",null,{"v":4.8,"d":"4.80"}]
["VALOR:",null,{"v":40.8,"d":"40.80"}]
["VALOR BDI (20.21%):",null,8.25]
["VALOR COM BDI:",null,49.05]
["7.1. 101496 - ENTRADA DE ENERGIA ELÉTRICA, AÉREA, MONOFÁSICA, COM CAIXA DE EMBUTIR, CABO DE 35 MM2 E DISJUNTOR DIN 50A (NÃO INCLUSO O POSTE DE CONCRETO). AF_07/2020_P (UN)"]
["MATERIAL",{"$nulls":3},"FONTE","UNID","COEFICIENTE","PREÇO UNITÁRIO","TOTAL"]
[{"v":1094,"d":"00001094"},"ARMACAO VERTICAL COM HASTE E CONTRA-PINO, EM CHAPA DE ACO GALVANIZADO 3/16\", COM 1 ESTRIBO, SEM ISOLADOR",null,null,"SINAPI","UN",{"v":1,"d":"1.00000000"},{"v":25,"d":"25.00"},{"v":25,"d":"25.00"}]
[{"v":11267,"d":"00011267"},"ARRUELA LISA, REDONDA, DE LATAO POLIDO, DIAMETRO NOMINAL 5/8\", DIAMETRO EXTERNO = 34 MM, DIAMETRO DO FURO = 17 MM, ESPESSURA = *2,5* MM",null,null,"SINAPI","UN",{"v":2,"d":"2.00000000"},0.88,1.76]
[{"v":34643,"d":"00034643"},"CAIXA INSPECAO EM POLIETILENO PARA ATERRAMENTO E PARA RAIOS DIAMETRO = 300 MM",null,null,"SINAPI","UN",{"v":1,"d":"1.00000000"},12.09,12.09]
[{"v":39808,"d":"00039808"},"CAIXA  PARA  MEDIDOR  MONOFASICO,  EM  POLICARBONATO  / TERMOPLASTICO,  PARA  ALOJAR  1  DISJUNTOR  (PADRAO  DA CONCESSIONARIA  LOCAL)",null,null,"SINAPI","UN",{"v":1,"d":"1.00000000"},65.75,65.75]
[{"v":11864,"d":"00011864"},"CONECTOR METALICO TIPO PARAFUSO FENDIDO (SPLIT BOLT), PARA CABOS ATE 95 MM2",null,null,"SINAPI","UN",{"v":1,"d":"1.00000000"},16.77,16.77]
[{"v":14153,"d":"00014153"},"FITA METALICA PERFURADA, L = *18* MM, ROLO DE 30 M, CARGA RECOMENDADA = *30* KGF",null,null,"SINAPI","UN",{"v":0.06,"d":"0.06000000"},51.75,{"v":3.1,"d":"3.10"}]
[{"v":3398,"d":"00003398"},"ISOLADOR DE PORCELANA, TIPO ROLDANA, DIMENSOES DE *72* X\n*72* MM, PARA USO EM BAIXA TENSAO",null,null,"SINAPI","UN",{"v":1,"d":"1.00000000"},4.67,4.67]
[{"v":4346,"d":"00004346"},"PARAFUSO  DE  FERRO  POLIDO,  SEXTAVADO,  COM  ROSCA PARCIAL,  DIAMETRO  5/8\",  COMPRIMENTO  6\",  COM  PORCA  E ARRUELA  DE  PRESSAO  MEDIA",null,null,"SINAPI","UN",{"v":3,"d":"3.00000000"},4.59,13.77]
[{"v":39997,"d":"00039997"},"PORCA ZINCADA, SEXTAVADA, DIAMETRO 1/4\"",null,null,"SINAPI","UN",{"v":2,"d":"2.00000000"},0.14,0.28]
[{"v":39996,"d":"00039996"},"VERGALHAO ZINCADO ROSCA TOTAL, 1/4 \" (6,3 MM)",null,null,"SINAPI","M",{"v":0.1664,"d":"0.16640000"},{"v":4.5,"d":"4.50"},0.74]
[{"$nulls":6},"TOTAL MATERIAL:",null,143.93]
[]
["SERVICO",{"$nulls":3},"FONTE","UNID","COEFICIENTE","PREÇO UNITÁRIO","TOTAL"]
[87367,"ARGAMASSA TRAÇO 1:1:6 (EM VOLUME DE CIMENTO, CAL E AREIA MÉDIA ÚMIDA) PARA EMBOÇO/MASSA ÚNICA/ASSENTAMENTO DE ALVENARIA DE VEDAÇÃO, PREPARO MANUAL. AF_08/2019",null,null,"SINAPI","M3",{"v":0.008,"d":"0.00800000"},{"v":473,"d":"473.00"},3.78]

{"sheet":"Table 9","index":8,"n_rows":36,"n_cols":9,"rows_kept":36,"merged":[[0,1,0,3],[1,1,1,3],[2,1,2,3],[3,1,3,3],[4,1,4,3],[5,1,5,3],[6,1,6,3],[7,1,7,3],[8,1,8,3],[9,1,9,3],[10,1,10,3],[11,0,11,5],[11,6,11,7],[12,0,12,1],[13,0,13,1],[14,0,14,1],[15,0,15,8],[16,0,16,3],[17,1,17,3],[18,1,18,3],[19,0,19,5],[19,6,19,7],[20,0,20,3],[21,1,21,3],[22,1,22,3],[23,0,23,5],[23,6,23,7],[24,0,24,1],[25,0,25,1],[26,0,26,1],[27,0,27,8],[28,0,28,3],[29,1,29,3],[30,1,30,3],[31,1,31,3],[32,0,32,5],[32,6,32,7],[35,0,35,3]]}
[100578,"ASSENTAMENTO DE POSTE DE CONCRETO COM COMPRIMENTO NOMINAL DE 9 M, CARGA NOMINAL MENOR OU IGUAL A 1000 DAN, ENGASTAMENTO  SIMPLES  COM  1,5  M  DE  SOLO  (NÃO  INCLUI FORNECIMENTO).  AF_11/2019",null,null,"SINAPI","UN",{"v":1,"d":"1.00000000"},391.38,391.38]
[88247,"AUXILIAR DE ELETRICISTA COM ENCARGOS COMPLEMENTARES",null,null,"SINAPI","H",{"v":0.3162,"d":"0.31620000"},15.18,4.79]
[92986,"CABO DE COBRE FLEXÍVEL ISOLADO, 35 MM², ANTI-CHAMA 0,6/1,0 KV,  PARA  DISTRIBUIÇÃO  -  FORNECIMENTO  E  INSTALAÇÃO. AF_12/2015",null,null,"SINAPI","M",{"v":11,"d":"11.00000000"},35.97,395.67]
[96977,"CORDOALHA DE COBRE NU 50 MM², ENTERRADA, SEM ISOLADOR - FORNECIMENTO E INSTALAÇÃO. AF_12/2017",null,null,"SINAPI","M",{"v":1.95,"d":"1.95000000"},48.72,{"v":95,"d":"95.00"}]
[91922,"CURVA 180 GRAUS PARA ELETRODUTO, PVC, ROSCÁVEL, DN 40 MM (1 1/4\"), PARA CIRCUITOS TERMINAIS, INSTALADA EM PAREDE - FORNECIMENTO E INSTALAÇÃO. AF_12/2015",null,null,"SINAPI","UN",{"v":1,"d":"1.00000000"},15.54,15.54]
[91920,"CURVA 90 GRAUS PARA ELETRODUTO, PVC, ROSCÁVEL, DN 40 MM (1 1/4\"), PARA CIRCUITOS TERMINAIS, INSTALADA EM PAREDE - FORNECIMENTO E INSTALAÇÃO. AF_12/2015",null,null,"SINAPI","UN",{"v":1,"d":"1.00000000"},14.11,14.11]
[93659,"DISJUNTOR MONOPOLAR TIPO DIN, CORRENTE NOMINAL DE 50A - FORNECIMENTO E INSTALAÇÃO. AF_10/2020",null,null,"SINAPI","UN",{"v":1,"d":"1.00000000"},16.09,16.09]
[88264,"ELETRICISTA COM ENCARGOS COMPLEMENTARES",null,null,"SINAPI","H",{"v":2.8463,"d":"2.84630000"},20.01,56.95]
[91873,"ELETRODUTO RÍGIDO ROSCÁVEL, PVC, DN 40 MM (1 1/4\"), PARA CIRCUITOS TERMINAIS, INSTALADO EM PAREDE - FORNECIMENTO E INSTALAÇÃO. AF_12/2015",null,null,"SINAPI","M",{"v":6.05,"d":"6.05000000"},13.37,80.88]
[96986,"HASTE DE ATERRAMENTO 3/4   PARA SPDA - FORNECIMENTO E INSTALAÇÃO. AF_12/2017",null,null,"SINAPI","UN",{"v":1,"d":"1.00000000"},78.83,78.83]
[91886,"LUVA  PARA  ELETRODUTO,  PVC,  ROSCÁVEL,  DN  40  MM  (1  1/4\"), PARA   CIRCUITOS   TERMINAIS,   INSTALADA   EM   PAREDE   - FORNECIMENTO   E   INSTALAÇÃO.   AF_12/2015 ",null,null,"SINAPI","UN",{"v":1,"d":"1.00000000"},9.03,9.03]
[{"$nulls":6},"TOTAL SERVICO:",null,{"v":1162.05,"d":"1,162.05"}]
["VALOR:",null,{"v":1305.98,"d":"1,305.98"}]
["VALOR BDI (20.21%):",null,263.94]
["VALOR COM BDI:",null,{"v":1569.92,"d":"1,569.92"}]
["7.2. 93658 - DISJUNTOR MONOPOLAR TIPO DIN, CORRENTE NOMINAL DE 40A - FORNECIMENTO E INSTALAÇÃO. AF_10/2020 (UN)"]
["MATERIAL",{"$nulls":3},"FONTE","UNID","COEFICIENTE","PREÇO UNITÁRIO","TOTAL"]
[{"v":34686,"d":"00034686"},"DISJUNTOR TIPO DIN / IEC, MONOPOLAR DE 40  ATE 50A",null,null,"SINAPI","UN",{"v":1,"d":"1.00000000"},8.41,8.41]
[{"v":1574,"d":"00001574"},"TERMINAL A COMPRESSAO EM COBRE ESTANHADO PARA CABO 10 MM2, 1 FURO E 1 COMPRESSAO, PARA PARAFUSO DE FIXACAO M6",null,null,"SINAPI","UN",{"v":1,"d":"1.00000000"},0.87,0.87]
[{"$nulls":6},"TOTAL MATERIAL:",null,9.28]
["SERVICO",{"$nulls":3},"FONTE","UNID","COEFICIENTE","PREÇO UNITÁRIO","TOTAL"]
[88247,"AUXILIAR DE ELETRICISTA COM ENCARGOS COMPLEMENTARES",null,null,"SINAPI","H",{"v":0.1352,"d":"0.13520000"},15.18,2.05]
[88264,"ELETRICISTA COM ENCARGOS COMPLEMENTARES",null,null,"SINAPI","H",{"v":0.1352,"d":"0.13520000"},20.01,{"v":2.7,"d":"2.70"}]
[{"$nulls":6},"TOTAL SERVICO:",null,4.75]
["VALOR:",null,14.03]
["VALOR BDI (20.21%):",null,2.84]
["VALOR COM BDI:",null,16.87]
["7.3. S12222 - Quadro de distribuição de embutir, em chapa de aço, para até 08 disjuntores, com barramento, padrão DIN, exclusive disjuntores (un)"]
["MAO DE OBRA",{"$nulls":3},"FONTE","UNID","COEFICIENTE","PREÇO UNITÁRIO","TOTAL"]
["I02436S","Eletricista",null,null,"ORSE","h",{"v":1.6,"d":"1.60000000"},14.02,22.43]
["I04750S","Pedreiro",null,null,"ORSE","h",{"v":0.4,"d":"0.40000000"},14.02,5.61]
["I06111S","Servente de obras",null,null,"ORSE","h",{"v":0.6,"d":"0.60000000"},10.58,6.35]
[{"$nulls":6},"TOTAL MAO DE OBRA:",null,34.39]
[]
[]
["MATERIAL",{"$nulls":3},"FONTE","UNID","COEFICIENTE","PREÇO UNITÁRIO","TOTAL"]

{"sheet":"Table 10","index":9,"n_rows":39,"n_cols":9,"rows_kept":39,"merged":[[0,1,0,3],[1,0,1,5],[1,6,1,7],[2,0,2,3],[3,1,3,3],[4,1,4,3],[5,1,5,3],[6,1,6,3],[7,0,7,5],[7,6,7,7],[8,0,8,1],[9,0,9,1],[10,0,10,1],[11,0,11,8],[12,0,12,3],[13,1,13,3],[14,1,14,3],[15,0,15,5],[15,6,15,7],[16,0,16,3],[17,1,17,3],[18,1,18,3],[19,0,19,5],[19,6,19,7],[20,0,20,1],[21,0,21,1],[22,0,22,1],[23,0,23,8],[24,0,24,3],[25,1,25,3],[26,1,26,3],[27,0,27,5],[27,6,27,7],[28,0,28,3],[29,1,29,3],[30,1,30,3],[31,0,31,5],[31,6,31,7],[32,0,32,1],[33,0,33,1],[34,0,34,1],[38,0,38,8]]}
["I10386","Quadro de distribuição de embutir em chapa de aço, p/até 08 disjuntores c/barramento, padrão DIN, Cemar ou similar",null,null,"ORSE","un",{"v":1,"d":"1.00000000"},{"v":69,"d":"69.00"},{"v":69,"d":"69.00"}]
[{"$nulls":6},"TOTAL MATERIAL:",null,{"v":69,"d":"69.00"}]
["SERVICO",{"$nulls":3},"FONTE","UNID","COEFICIENTE","PREÇO UNITÁRIO","TOTAL"]
["S87296S","Argamassa traço 1:3:12 (em volume de cimento, cal e areia média úmida) para  emboço/massa  única/assentamento  de  alvenaria  de  vedação, preparo  mecânico  com  betoneira  600  l.  af_08/2019",null,null,"ORSE","m3",{"v":0.004,"d":"0.00400000"},469.21,1.88]
["S10552","Encargos Complementares - Eletricista",null,null,"ORSE","h",{"v":1.6,"d":"1.60000000"},{"v":3.4,"d":"3.40"},5.44]
["S10550","Encargos Complementares - Pedreiro",null,null,"ORSE","h",{"v":0.4,"d":"0.40000000"},3.44,1.38]
["S10549","Encargos Complementares - Servente",null,null,"ORSE","h",{"v":0.6,"d":"0.60000000"},3.52,2.11]
[{"$nulls":6},"TOTAL SERVICO:",null,10.81]
["VALOR:",null,{"v":114.2,"d":"114.20"}]
["VALOR BDI (20.21%):",null,23.08]
["VALOR COM BDI:",null,137.28]
["7.4. 91931 - CABO DE COBRE FLEXÍVEL ISOLADO, 6 MM², ANTI-CHAMA 0,6/1,0 KV, PARA CIRCUITOS TERMINAIS - FORNECIMENTO E INSTALAÇÃO. AF_12/2015 (M)"]
["MATERIAL",{"$nulls":3},"FONTE","UNID","COEFICIENTE","PREÇO UNITÁRIO","TOTAL"]
[{"v":994,"d":"00000994"},"CABO DE COBRE, FLEXIVEL, CLASSE 4 OU 5, ISOLACAO EM PVC/A, ANTICHAMA BWF-B, COBERTURA PVC-ST1, ANTICHAMA BWF-B, 1 CONDUTOR, 0,6/1 KV, SECAO NOMINAL 6 MM2",null,null,"SINAPI","M",{"v":1.19,"d":"1.19000000"},6.38,7.59]
[{"v":21127,"d":"00021127"},"FITA ISOLANTE ADESIVA ANTICHAMA, USO ATE 750 V, EM ROLO DE 19 MM X 5 M",null,null,"SINAPI","UN",{"v":0.009,"d":"0.00900000"},{"v":3.4,"d":"3.40"},0.03]
[{"$nulls":6},"TOTAL MATERIAL:",null,7.62]
["SERVICO",{"$nulls":3},"FONTE","UNID","COEFICIENTE","PREÇO UNITÁRIO","TOTAL"]
[88247,"AUXILIAR DE ELETRICISTA COM ENCARGOS COMPLEMENTARES",null,null,"SINAPI","H",{"v":0.052,"d":"0.05200000"},15.18,0.78]
[88264,"ELETRICISTA COM ENCARGOS COMPLEMENTARES",null,null,"SINAPI","H",{"v":0.052,"d":"0.05200000"},20.01,1.04]
[{"$nulls":6},"TOTAL SERVICO:",null,1.82]
["VALOR:",null,9.44]
["VALOR BDI (20.21%):",null,1.91]
["VALOR COM BDI:",null,11.35]
["7.5. 91932 - CABO DE COBRE FLEXÍVEL ISOLADO, 10 MM², ANTI-CHAMA 450/750 V, PARA CIRCUITOS TERMINAIS - FORNECIMENTO E INSTALAÇÃO. AF_12/2015 (M)"]
["MATERIAL",{"$nulls":3},"FONTE","UNID","COEFICIENTE","PREÇO UNITÁRIO","TOTAL"]
[{"v":980,"d":"00000980"},"CABO DE COBRE, FLEXIVEL, CLASSE 4 OU 5, ISOLACAO EM PVC/A, ANTICHAMA BWF-B, 1 CONDUTOR, 450/750 V, SECAO NOMINAL 10 MM2",null,null,"SINAPI","M",{"v":1.19,"d":"1.19000000"},9.37,11.15]
[{"v":21127,"d":"00021127"},"FITA ISOLANTE ADESIVA ANTICHAMA, USO ATE 750 V, EM ROLO DE 19 MM X 5 M",null,null,"SINAPI","UN",{"v":0.009,"d":"0.00900000"},{"v":3.4,"d":"3.40"},0.03]
[{"$nulls":6},"TOTAL MATERIAL:",null,11.18]
["SERVICO",{"$nulls":3},"FONTE","UNID","COEFICIENTE","PREÇO UNITÁRIO","TOTAL"]
[88247,"AUXILIAR DE ELETRICISTA COM ENCARGOS COMPLEMENTARES",null,null,"SINAPI","H",{"v":0.077,"d":"0.07700000"},15.18,1.16]
[88264,"ELETRICISTA COM ENCARGOS COMPLEMENTARES",null,null,"SINAPI","H",{"v":0.077,"d":"0.07700000"},20.01,1.54]
[{"$nulls":6},"TOTAL SERVICO:",null,{"v":2.7,"d":"2.70"}]
["VALOR:",null,13.88]
["VALOR BDI (20.21%):",null,2.81]
["VALOR COM BDI:",null,16.69]
[]
[]
[]
["7.6. S12870 - Refletor TR Led, corpo em aluminio, vidro temperado, potencia 30W, bivolt, temp.cor 3000K/6000k, IP-65, da Taschibra ou similar (un)"]

{"sheet":"Table 11","index":10,"n_rows":38,"n_cols":9,"rows_kept":38,"merged":[[0,0,0,3],[1,1,1,3],[2,1,2,3],[3,0,3,5],[3,6,3,7],[4,0,4,3],[5,1,5,3],[6,0,6,5],[6,6,6,7],[7,0,7,3],[8,1,8,3],[9,1,9,3],[10,0,10,5],[10,6,10,7],[11,0,11,1],[12,0,12,1],[13,0,13,1],[14,0,14,8],[15,0,15,3],[16,1,16,3],[17,1,17,3],[18,1,18,3],[19,1,19,3],[20,0,20,5],[20,6,20,7],[21,0,21,3],[22,1,22,3],[23,1,23,3],[24,1,24,3],[25,0,25,5],[25,6,25,7],[26,0,26,1],[27,0,27,1],[28,0,28,1],[29,0,29,8],[30,0,30,3],[31,1,31,3],[32,1,32,3],[33,0,33,5],[33,6,33,7],[36,0,36,3],[37,1,37,3]]}
["MAO DE OBRA",{"$nulls":3},"FONTE","UNID","COEFICIENTE","PREÇO UNITÁRIO","TOTAL"]
["I02436S","Eletricista",null,null,"ORSE","h",{"v":0.5,"d":"0.50000000"},14.02,7.01]
["I06111S","Servente de obras",null,null,"ORSE","h",{"v":0.3,"d":"0.30000000"},10.58,3.17]
[{"$nulls":6},"TOTAL MAO DE OBRA:",null,10.18]
["MATERIAL",{"$nulls":3},"FONTE","UNID","COEFICIENTE","PREÇO UNITÁRIO","TOTAL"]
["I13646","Refletor TR Led, corpo em aluminio, vidro temperado, potencia 30W, bivolt, temp.cor 3000K/600k, IP-65, da Taschibra ou similar",null,null,"ORSE","un",{"v":1,"d":"1.00000000"},{"v":69.5,"d":"69.50"},{"v":69.5,"d":"69.50"}]
[{"$nulls":6},"TOTAL MATERIAL:",null,{"v":69.5,"d":"69.50"}]
["SERVICO",{"$nulls":3},"FONTE","UNID","COEFICIENTE","PREÇO UNITÁRIO","TOTAL"]
["S10552","Encargos Complementares - Eletricista",null,null,"ORSE","h",{"v":0.5,"d":"0.50000000"},{"v":3.4,"d":"3.40"},{"v":1.7,"d":"1.70"}]
["S10549","Encargos Complementares - Servente",null,null,"ORSE","h",{"v":0.3,"d":"0.30000000"},3.52,1.06]
[{"$nulls":6},"TOTAL SERVICO:",null,2.76]
["VALOR:",null,82.44]
["VALOR BDI (20.21%):",null,16.66]
["VALOR COM BDI:",null,{"v":99.1,"d":"99.10"}]
["7.7. 100621 - POSTE DE AÇO CONICO CONTÍNUO CURVO DUPLO, FLANGEADO, H=9M, INCLUSIVE LUMINÁRIAS, SEM LÂMPADAS - FORNECIMENTO E INSTALACAO. AF_11/2019 (UN)"]
["MATERIAL",{"$nulls":3},"FONTE","UNID","COEFICIENTE","PREÇO UNITÁRIO","TOTAL"]
[{"v":863,"d":"00000863"},"CABO DE COBRE NU 35 MM2 MEIO-DURO",null,null,"SINAPI","M",{"v":9,"d":"9.00000000"},31.03,279.27]
[{"v":39746,"d":"00039746"},"CHUMBADOR DE ACO, 1\" X 600 MM, PARA POSTES DE ACO COM BASE, INCLUSO PORCA E ARRUELA",null,null,"SINAPI","UN",{"v":4,"d":"4.00000000"},118.42,473.68]
[{"v":3798,"d":"00003798"},"LUMINARIA ABERTA P/ ILUMINACAO PUBLICA, TIPO X-57 PETERCO OU EQUIV",null,null,"SINAPI","UN",{"v":2,"d":"2.00000000"},73.23,146.46]
[{"v":14163,"d":"00014163"},"POSTE  CONICO  CONTINUO  EM  ACO  GALVANIZADO,  CURVO, BRACO DUPLO, FLANGEADO,  H = 9 M, DIAMETRO INFERIOR = *135* MM",null,null,"SINAPI","UN",{"v":1,"d":"1.00000000"},{"v":2596,"d":"2,596.00"},{"v":2596,"d":"2,596.00"}]
[{"$nulls":6},"TOTAL MATERIAL:",null,{"v":3495.41,"d":"3,495.41"}]
["SERVICO",{"$nulls":3},"FONTE","UNID","COEFICIENTE","PREÇO UNITÁRIO","TOTAL"]
[88247,"AUXILIAR DE ELETRICISTA COM ENCARGOS COMPLEMENTARES",null,null,"SINAPI","H",{"v":0.931,"d":"0.93100000"},15.18,14.13]
[88264,"ELETRICISTA COM ENCARGOS COMPLEMENTARES",null,null,"SINAPI","H",{"v":3.025,"d":"3.02500000"},20.01,60.53]
[5928,"GUINDAUTO HIDRÁULICO, CAPACIDADE MÁXIMA DE CARGA 6200 KG,  MOMENTO  MÁXIMO  DE  CARGA  11,7  TM,  ALCANCE  MÁXIMO HORIZONTAL 9,70 M, INCLUSIVE CAMINHÃO TOCO PBT 16.000 KG, POTÊNCIA DE 189 CV - CHP DIURNO. AF_06/2014",null,null,"SINAPI","CHP",{"v":0.18,"d":"0.18000000"},171.47,30.86]
[{"$nulls":6},"TOTAL SERVICO:",null,105.52]
["VALOR:",null,{"v":3600.93,"d":"3,600.93"}]
["VALOR BDI (20.21%):",null,727.75]
["VALOR COM BDI:",null,{"v":4328.68,"d":"4,328.68"}]
["7.8. S07271 - Poste de aço galvanizado cônico contíno reto, diâmetro superior de 60mm, diâmetro da base 126mm, altura total 8m, Conipost ref. Série A0008/classe 30 da Conipost ou similar (un)"]
["MAO DE OBRA",{"$nulls":3},"FONTE","UNID","COEFICIENTE","PREÇO UNITÁRIO","TOTAL"]
["I04750S","Pedreiro",null,null,"ORSE","h",{"v":3,"d":"3.00000000"},14.02,42.06]
["I06111S","Servente de obras",null,null,"ORSE","h",{"v":3,"d":"3.00000000"},10.58,31.74]
[{"$nulls":6},"TOTAL MAO DE OBRA:",null,{"v":73.8,"d":"73.80"}]
[]
[]
["MATERIAL",{"$nulls":3},"FONTE","UNID","COEFICIENTE","PREÇO UNITÁRIO","TOTAL"]
["I06829","Poste  de  aço  galvanizado  cônico  contíno  reto,  diâmetro  superior  de 60mm, diâmetro da base 126mm, altura total   8m, Conipost ref. Série A0008/classe 30 da Conipost ou similar",null,null,"ORSE","un",{"v":1,"d":"1.00000000"},{"v":1885,"d":"1,885.00"},{"v":1885,"d":"1,885.00"}]

{"sheet":"Table 12","index":11,"n_rows":42,"n_cols":9,"rows_kept":42,"merged":[[0,0,0,1],[1,0,1,3],[2,1,2,3],[3,1,3,3],[4,1,4,3],[5,1,5,3],[6,0,6,5],[6,6,6,7],[7,0,7,1],[8,0,8,1],[9,0,9,1],[10,0,10,8],[11,0,11,3],[12,1,12,3],[13,0,13,5],[13,6,13,7],[14,0,14,3],[15,1,15,3],[16,1,16,3],[17,0,17,5],[17,6,17,7],[18,0,18,1],[19,0,19,1],[20,0,20,1],[21,0,21,8],[22,0,22,3],[23,1,23,3],[24,1,24,3],[25,0,25,5],[25,6,25,7],[26,0,26,3],[27,1,27,3],[28,1,28,3],[29,0,29,5],[29,6,29,7],[30,0,30,1],[31,0,31,1],[32,0,32,1],[36,0,36,8],[37,0,37,3],[38,1,38,3],[39,1,39,3],[40,1,40,3],[41,0,41,5],[41,6,41,7]]}
["TOTAL MATERIAL:",null,{"v":1885,"d":"1,885.00"}]
["SERVICO",{"$nulls":3},"FONTE","UNID","COEFICIENTE","PREÇO UNITÁRIO","TOTAL"]
["S00095","Concreto simples fabricado na obra, fck=13,5 mpa, lançado e adensado",null,null,"ORSE","m3",{"v":0.05,"d":"0.05000000"},474.23,23.71]
["S10550","Encargos Complementares - Pedreiro",null,null,"ORSE","h",{"v":3,"d":"3.00000000"},3.44,10.32]
["S10549","Encargos Complementares - Servente",null,null,"ORSE","h",{"v":3,"d":"3.00000000"},3.52,10.56]
["S02497","Escavação  manual  de  vala  ou  cava  em  material  de  1ª  categoria, profundidade  até  1,50m",null,null,"ORSE","m3",{"v":0.6,"d":"0.60000000"},{"v":42.3,"d":"42.30"},25.38]
[{"$nulls":6},"TOTAL SERVICO:",null,69.97]
["VALOR:",null,{"v":2028.77,"d":"2,028.77"}]
["VALOR BDI (20.21%):",null,410.01]
["VALOR COM BDI:",null,{"v":2438.78,"d":"2,438.78"}]
["8.1. 88489 - APLICAÇÃO MANUAL DE PINTURA COM TINTA LÁTEX ACRÍLICA EM PAREDES, DUAS DEMÃOS. AF_06/2014 (M2)"]
["MATERIAL",{"$nulls":3},"FONTE","UNID","COEFICIENTE","PREÇO UNITÁRIO","TOTAL"]
[{"v":7356,"d":"00007356"},"TINTA ACRILICA PREMIUM, COR BRANCO FOSCO",null,null,"SINAPI","L",{"v":0.33,"d":"0.33000000"},{"v":17.8,"d":"17.80"},5.87]
[{"$nulls":6},"TOTAL MATERIAL:",null,5.87]
["SERVICO",{"$nulls":3},"FONTE","UNID","COEFICIENTE","PREÇO UNITÁRIO","TOTAL"]
[88310,"PINTOR COM ENCARGOS COMPLEMENTARES",null,null,"SINAPI","H",{"v":0.187,"d":"0.18700000"},20.82,3.89]
[88316,"SERVENTE COM ENCARGOS COMPLEMENTARES",null,null,"SINAPI","H",{"v":0.069,"d":"0.06900000"},{"v":15.6,"d":"15.60"},1.07]
[{"$nulls":6},"TOTAL SERVICO:",null,4.96]
["VALOR:",null,10.83]
["VALOR BDI (20.21%):",null,2.19]
["VALOR COM BDI:",null,13.02]
["8.2. 102504 - PINTURA DE DEMARCAÇÃO DE QUADRA POLIESPORTIVA COM TINTA ACRÍLICA, E = 5 CM, APLICAÇÃO MANUAL. AF_05/2021 (M)"]
["MATERIAL",{"$nulls":3},"FONTE","UNID","COEFICIENTE","PREÇO UNITÁRIO","TOTAL"]
[{"v":12815,"d":"00012815"},"FITA CREPE ROLO DE 25 MM X 50 M",null,null,"SINAPI","UN",{"v":0.04,"d":"0.04000000"},{"v":6,"d":"6.00"},0.24]
[{"v":7348,"d":"00007348"},"TINTA ACRILICA PREMIUM PARA PISO",null,null,"SINAPI","L",{"v":0.021,"d":"0.02100000"},{"v":12,"d":"12.00"},0.25]
[{"$nulls":6},"TOTAL MATERIAL:",null,0.49]
["SERVICO",{"$nulls":3},"FONTE","UNID","COEFICIENTE","PREÇO UNITÁRIO","TOTAL"]
[88310,"PINTOR COM ENCARGOS COMPLEMENTARES",null,null,"SINAPI","H",{"v":0.239,"d":"0.23900000"},20.82,4.97]
[88316,"SERVENTE COM ENCARGOS COMPLEMENTARES",null,null,"SINAPI","H",{"v":0.1,"d":"0.10000000"},{"v":15.6,"d":"15.60"},1.56]
[{"$nulls":6},"TOTAL SERVICO:",null,6.53]
["VALOR:",null,7.02]
["VALOR BDI (20.21%):",null,1.42]
["VALOR COM BDI:",null,8.44]
[]
[]
[]
["8.3. 102492 - PINTURA DE PISO COM TINTA ACRÍLICA, APLICAÇÃO MANUAL, 3 DEMÃOS, INCLUSO FUNDO PREPARADOR. AF_05/2021 (M2)"]
["MATERIAL",{"$nulls":3},"FONTE","UNID","COEFICIENTE","PREÇO UNITÁRIO","TOTAL"]
[{"v":12815,"d":"00012815"},"FITA CREPE ROLO DE 25 MM X 50 M",null,null,"SINAPI","UN",{"v":0.01,"d":"0.01000000"},{"v":6,"d":"6.00"},0.06]
[{"v":6085,"d":"00006085"},"SELADOR ACRILICO PAREDES INTERNAS/EXTERNAS",null,null,"SINAPI","L",{"v":0.16,"d":"0.16000000"},{"v":7.4,"d":"7.40"},1.18]
[{"v":7348,"d":"00007348"},"TINTA ACRILICA PREMIUM PARA PISO",null,null,"SINAPI","L",{"v":0.427,"d":"0.42700000"},{"v":12,"d":"12.00"},5.12]
[{"$nulls":6},"TOTAL MATERIAL:",null,6.36]

{"sheet":"Table 13","index":12,"n_rows":24,"n_cols":9,"rows_kept":24,"merged":[[0,0,0,3],[1,1,1,3],[2,1,2,3],[3,0,3,5],[3,6,3,7],[4,0,4,1],[5,0,5,1],[6,0,6,1],[7,0,7,8],[8,0,8,3],[9,1,9,3],[10,1,10,3],[11,1,11,3],[12,1,12,3],[13,1,13,3],[14,0,14,5],[14,6,14,7],[15,0,15,3],[16,1,16,3],[17,1,17,3],[18,1,18,3],[19,0,19,5],[19,6,19,7],[21,0,21,1],[22,0,22,1],[23,0,23,1]]}
["SERVICO",{"$nulls":3},"FONTE","UNID","COEFICIENTE","PREÇO UNITÁRIO","TOTAL"]
["88310","PINTOR COM ENCARGOS COMPLEMENTARES",null,null,"SINAPI","H",{"v":0.365,"d":"0.36500000"},20.82,7.59]
["88316","SERVENTE COM ENCARGOS COMPLEMENTARES",null,null,"SINAPI","H",{"v":0.152,"d":"0.15200000"},{"v":15.6,"d":"15.60"},2.37]
[{"$nulls":6},"TOTAL SERVICO:",null,9.96]
["VALOR:",null,16.32]
["VALOR BDI (20.21%):",null,{"v":3.3,"d":"3.30"}]
["VALOR COM BDI:",null,19.62]
["9.1. S102364S - Alambrado para quadra poliesportiva, estruturado por tubos de aco galvanizado, (montantes com diametro 2\", travessas e escoras com diâmetro 1 ¼?), com tela de arame galvanizado, fio 10 bwg e malha quadrada 5x5cm (exceto mureta). af_03/2021 (m2)"]
["MATERIAL",{"$nulls":3},"FONTE","UNID","COEFICIENTE","PREÇO UNITÁRIO","TOTAL"]
["I43130S","Arame galvanizado 12 bwg, d = 2,76 mm (0,048 kg/m) ou 14 bwg, d = 2,11 mm (0,026 kg/m)",null,null,"ORSE","kg",{"v":0.0797,"d":"0.07970000"},22.86,1.82]
["I11002S","Eletrodo revestido aws - e6013, diametro igual a 2,50 mm",null,null,"ORSE","kg",{"v":0.0025,"d":"0.00250000"},34.38,0.09]
["I07162S","Tela de arame galvanizada quadrangular / losangular, fio 3,4 mm (10 bwg), malha 5 x 5 cm, h = 2 m",null,null,"ORSE","m2",{"v":1.0203,"d":"1.02030000"},{"v":59.8,"d":"59.80"},61.01]
["I07698S","Tubo aco galvanizado com costura, classe media, dn 1.1/4\", e = *3,25* mm, peso *3,14* kg/m (nbr 5580)",null,null,"ORSE","m",{"v":0.8701,"d":"0.87010000"},58.15,{"v":50.6,"d":"50.60"}]
["I07696S","Tubo aco galvanizado com costura, classe media, dn 2\", e = *3,65* mm, peso *5,10* kg/m (nbr 5580)",null,null,"ORSE","m",{"v":0.6105,"d":"0.61050000"},{"v":95.6,"d":"95.60"},58.36]
[{"$nulls":6},"TOTAL MATERIAL:",null,171.88]
["SERVICO",{"$nulls":3},"FONTE","UNID","COEFICIENTE","PREÇO UNITÁRIO","TOTAL"]
["S94962S","Concreto magro para lastro, traço 1:4,5:4,5 (em massa seca de cimento/ areia média/ brita 1) - preparo mecânico com betoneira 400 l. af_05/2021",null,null,"ORSE","m3",{"v":0.0045,"d":"0.00450000"},353.88,1.59]
["S88315S","Serralheiro com encargos complementares",null,null,"ORSE","h",{"v":0.9774,"d":"0.97740000"},19.72,19.27]
["S88316S","Servente com encargos complementares",null,null,"ORSE","h",{"v":0.9774,"d":"0.97740000"},16.21,15.84]
[{"$nulls":6},"TOTAL SERVICO:",null,{"v":36.7,"d":"36.70"}]
[]
["VALOR:",null,208.58]
["VALOR BDI (20.21%):",null,42.15]
["VALOR COM BDI:",null,250.73]

{"sheet":"Table 14","index":13,"n_rows":25,"n_cols":9,"rows_kept":25,"merged":[[0,0,3,1],[0,2,0,9],[1,3,1,9],[2,3,2,9],[3,3,3,9],[4,1,4,3],[5,0,6,0],[5,1,6,3],[5,4,6,4],[5,6,6,6],[5,7,6,7],[7,0,8,0],[7,1,8,3],[7,4,8,4],[7,6,8,6],[7,7,8,7],[9,0,10,0],[9,1,10,3],[9,4,10,4],[9,6,10,6],[9,7,10,7],[11,0,12,0],[11,1,12,3],[11,4,12,4],[11,6,12,6],[11,7,12,7],[13,0,14,0],[13,1,14,3],[13,4,14,4],[13,7,14,7],[15,0,16,0],[15,1,16,3],[15,4,16,4],[15,7,16,7],[17,0,18,0],[17,1,18,3],[17,4,18,4],[17,5,18,5],[19,0,20,0],[19,1,20,3],[19,4,20,4],[19,5,20,5],[19,6,20,6],[21,0,22,0],[21,1,22,3],[21,4,22,4],[21,5,22,5],[21,6,22,6],[23,0,24,4],[23,8,24,8]]}
[null,null,"DATA :\nCRONOGRAMA FÍSICO-FINANCEIRO\n18/02/2022"]
[null,null,"OBRA:","REFORMA E AMPLIAÇÃO DO GINASIO COAPÃO"]
[null,null,"DESCRIÇÃO:","TOMADA DE PREÇO 001/2022 AS 09:00 HORAS"]
[null,null,"CLIENTE:","PREFEITURA MUNICIPAL DE MARCAÇÃO-PB"]
["ITEM","DESCRIÇÃO",null,null,"VALOR (R$)","MÊS 1","MÊS 2","MÊS 3","Total parcela"]
[1,"SERVIÇOS PRELIMINARES",null,null,{"v":3014.51,"d":"3,014.51"},{"v":1,"d":"100.00 %"},null,null,{"v":1,"d":"100.00 %"}]
[{"$nulls":5},{"v":3014.51,"d":"3,014.51"},null,null,{"v":3014.51,"d":"3,014.51"}]
[2,"RETIRADAS E DEMOLIÇÕES",null,null,{"v":3989.54,"d":"3,989.54"},{"v":1,"d":"100.00 %"},null,null,{"v":1,"d":"100.00 %"}]
[{"$nulls":5},{"v":3989.54,"d":"3,989.54"},null,null,{"v":3989.54,"d":"3,989.54"}]
[3,"FUNDAÇÃO",null,null,{"v":18064.2,"d":"18,064.20"},{"v":1,"d":"100.00 %"},null,null,{"v":1,"d":"100.00 %"}]
[{"$nulls":5},{"v":18064.2,"d":"18,064.20"},null,null,{"v":18064.2,"d":"18,064.20"}]
[4,"ALVENARIA",null,null,{"v":7951.33,"d":"7,951.33"},{"v":1,"d":"100.00 %"},null,null,{"v":1,"d":"100.00 %"}]
[{"$nulls":5},{"v":7951.33,"d":"7,951.33"},null,null,{"v":7951.33,"d":"7,951.33"}]
[5,"REVESTIMENTO",null,null,{"v":4077.85,"d":"4,077.85"},{"v":0.5,"d":"50.00 %"},{"v":0.5,"d":"50.00 %"},null,{"v":1,"d":"100.00 %"}]
[{"$nulls":5},{"v":2038.93,"d":"2,038.93"},{"v":2038.92,"d":"2,038.92"},null,{"v":4077.85,"d":"4,077.85"}]
[6,"PAVIMENTAÇÃO",null,null,{"v":47977.51,"d":"47,977.51"},{"v":0.5,"d":"50.00 %"},{"v":0.5,"d":"50.00 %"},null,{"v":1,"d":"100.00 %"}]
[{"$nulls":5},{"v":23988.76,"d":"23,988.76"},{"v":23988.75,"d":"23,988.75"},null,{"v":47977.51,"d":"47,977.51"}]
[7,"INSTALAÇÃO ELETRICA",null,null,{"v":17568.7,"d":"17,568.70"},null,{"v":0.5,"d":"50.00 %"},{"v":0.5,"d":"50.00 %"},{"v":1,"d":"100.00 %"}]
[{"$nulls":6},{"v":8784.35,"d":"8,784.35"},{"v":8784.35,"d":"8,784.35"},{"v":17568.7,"d":"17,568.70"}]
[8,"PINTURA",null,null,{"v":14986.56,"d":"14,986.56"},null,null,{"v":1,"d":"100.00 %"},{"v":1,"d":"100.00 %"}]
[{"$nulls":7},{"v":14986.56,"d":"14,986.56"},{"v":14986.56,"d":"14,986.56"}]
[9,"SERVIÇOS DIVERSOS",null,null,{"v":41320.3,"d":"41,320.30"},null,null,{"v":1,"d":"100.00 %"},{"v":1,"d":"100.00 %"}]
[{"$nulls":7},{"v":41320.3,"d":"41,320.30"},{"v":41320.3,"d":"41,320.30"}]
[{"v":158950.5,"d":"158,950.50"},{"$nulls":4},{"v":59047.27,"d":"59,047.27"},{"v":34812.02,"d":"34,812.02"},{"v":65091.21,"d":"65,091.21"},{"v":158950.5,"d":"158,950.50"}]
[{"$nulls":5},{"v":59047.27,"d":"59,047.27"},{"v":93859.29,"d":"93,859.29"},{"v":158950.5,"d":"158,950.50"}]

{"sheet":"Table 15","index":14,"n_rows":21,"n_cols":5,"rows_kept":21,"merged":[[0,0,3,1],[0,2,0,5],[1,3,1,5],[2,3,2,5],[3,3,3,5],[4,1,4,3],[5,1,5,3],[6,1,6,3],[7,1,7,3],[8,1,8,3],[9,1,9,3],[10,1,10,3],[11,1,11,3],[12,1,12,3],[13,1,13,3],[14,1,14,3],[15,1,15,3],[16,1,16,3],[17,1,17,3],[18,1,18,3],[19,0,19,6],[20,0,20,6]]}
[null,null,"DATA :\nCOMPOSIÇÃO DO BDI\n18/02/2022"]
[null,null,"OBRA:","REFORMA E AMPLIAÇÃO DO GINASIO COAPÃO"]
[null,null,"DESCRIÇÃO:","TOMADA DE PREÇO 001/2022 AS 09:00 HORAS"]
[null,null,"CLIENTE:","PREFEITURA MUNICIPAL DE MARCAÇÃO-PB"]
["COD","DESCRIÇÃO",null,null,"%"]
[null,"Benefício"]
["S + G","Garantia/seguros",null,null,{"v":0.8,"d":"0.80"}]
["L","Lucro",null,null,6.16]
[null,"TOTAL",null,null,6.96]
[null,"Despesas Indiretas"]
["AC","Administração central",null,null,{"v":3.2,"d":"3.20"}]
["DF","Despesas financeiras",null,null,{"v":0.7,"d":"0.70"}]
["R","Riscos",null,null,0.97]
[null,"TOTAL",null,null,4.87]
["I","Impostos"]
[null,"COFINS",null,null,{"v":3,"d":"3.00"}]
[null,"PIS",null,null,0.65]
[null,"ISS",null,null,{"v":3,"d":"3.00"}]
[null,"TOTAL",null,null,6.65]
["BDI = 20,21%"]
["(1+AC+S+R+G)*(1+DF)*(1+L)/(1-I)-1"]

{"sheet":"Table 16","index":15,"n_rows":41,"n_cols":6,"rows_kept":41,"merged":[[0,0,3,1],[0,2,0,6],[1,3,1,6],[2,3,2,6],[3,3,3,6],[4,1,4,3],[5,1,5,3],[5,4,5,5],[6,1,6,3],[7,1,7,3],[8,1,8,3],[9,1,9,3],[10,1,10,3],[11,1,11,3],[12,1,12,3],[13,1,13,3],[14,1,14,3],[15,1,15,3],[16,1,16,3],[16,4,16,5],[17,1,17,3],[18,1,18,3],[19,1,19,3],[20,1,20,3],[21,1,21,3],[22,1,22,3],[23,1,23,3],[24,1,24,3],[25,1,25,3],[26,1,26,3],[27,1,27,3],[28,1,28,3],[28,4,28,5],[29,1,29,3],[30,1,30,3],[31,1,31,3],[32,1,32,3],[33,1,33,3],[34,1,34,3],[35,1,35,3],[35,4,35,5],[36,1,36,3],[37,1,37,3],[38,1,38,3],[39,0,39,7],[40,0,40,7]]}
[null,null,"DATA :\nTABELA DE ENCARGOS SOCIAIS\n18/02/2022"]
[null,null,"OBRA:","REFORMA E AMPLIAÇÃO DO GINASIO COAPÃO"]
[null,null,"DESCRIÇÃO:","TOMADA DE PREÇO 001/2022 AS 09:00 HORAS"]
[null,null,"CLIENTE:","PREFEITURA MUNICIPAL DE MARCAÇÃO-PB"]
["COD","DESCRIÇÃO",null,null,"HORA %","MÊS %"]
["A","GRUPO A"]
["A1","INSS",null,null,{"v":20,"d":"20.00"},{"v":20,"d":"20.00"}]
["A2","SESI",null,null,{"v":1.5,"d":"1.50"},{"v":1.5,"d":"1.50"}]
["A3","SENAI",null,null,{"v":1,"d":"1.00"},{"v":1,"d":"1.00"}]
["A4","INCRA",null,null,{"v":0.2,"d":"0.20"},{"v":0.2,"d":"0.20"}]
["A5","SEBRAE",null,null,{"v":0.6,"d":"0.60"},{"v":0.6,"d":"0.60"}]
["A6","Salário Educação",null,null,{"v":2.5,"d":"2.50"},{"v":2.5,"d":"2.50"}]
["A7","Seguro Contra Acidentes de Trabalho",null,null,{"v":3,"d":"3.00"},{"v":3,"d":"3.00"}]
["A8","FGTS",null,null,{"v":8,"d":"8.00"},{"v":8,"d":"8.00"}]
["A9","SECONCI",null,null,{"v":0,"d":"0.00"},{"v":0,"d":"0.00"}]
[null,"TOTAL",null,null,{"v":36.8,"d":"36.80"},{"v":36.8,"d":"36.80"}]
["B","GRUPO B"]
["B1","Repouso Semanal Remunerado",null,null,17.86,{"v":0,"d":"0.00"}]
["B2","Feriados",null,null,3.93,{"v":0,"d":"0.00"}]
["B3","Auxílio - Enfermidade",null,null,0.87,0.67]
["B4","13º Salário",null,null,10.74,8.33]
["B5","Licença PaternidadE",null,null,0.07,0.06]
["B6","Faltas Justificadas",null,null,0.72,0.56]
["B7","Dias de Chuvas",null,null,1.44,{"v":0,"d":"0.00"}]
["B8","Auxílio Acidente de Trabalho",null,null,0.11,0.08]
["B9","Férias Gozadas",null,null,7.69,5.97]
["B10","Salário Maternidade",null,null,0.03,0.03]
[null,"TOTAL",null,null,43.46,{"v":15.7,"d":"15.70"}]
["C","GRUPO C"]
["C1","Aviso Prévio Indenizado",null,null,4.73,3.67]
["C2","Aviso Prévio Trabalhado",null,null,0.11,0.09]
["C3","Férias Indenizadas",null,null,5.31,4.12]
["C4","Depósito Rescisão Sem Justa Causa",null,null,3.84,2.98]
["C5","Indenização Adicional",null,null,{"v":0.4,"d":"0.40"},0.31]
[null,"TOTAL",null,null,14.39,11.17]
["D","GRUPO D"]
["D1","Reincidência de Grupo A sobre Grupo B",null,null,15.99,5.78]
["D2","Reincidência de Grupo A sobre Aviso Prévio Trabalhado e Reincidência do FGTS sobre Aviso Prévio Indenizado",null,null,0.42,0.33]
[null,"TOTAL",null,null,16.41,6.11]
["Horista = 111,06%\nMensalista = 69,78%"]
["A + B + C + D"]

{"sheet":"Table 17","index":16,"n_rows":37,"n_cols":4,"rows_kept":37,"merged":[[1,2,1,3],[12,2,12,3],[24,2,24,3],[31,2,31,3],[35,0,35,4],[36,0,36,4]]}
["COD","DESCRIÇÃO","HORA %","MÊS %"]
["A","GRUPO A"]
["A1","INSS",{"v":20,"d":"20.00"},{"v":20,"d":"20.00"}]
["A2","SESI",{"v":1.5,"d":"1.50"},{"v":1.5,"d":"1.50"}]
["A3","SENAI",{"v":1,"d":"1.00"},{"v":1,"d":"1.00"}]
["A4","INCRA",{"v":0.2,"d":"0.20"},{"v":0.2,"d":"0.20"}]
["A5","SEBRAE",{"v":0.6,"d":"0.60"},{"v":0.6,"d":"0.60"}]
["A6","Salário Educação",{"v":2.5,"d":"2.50"},{"v":2.5,"d":"2.50"}]
["A7","Seguro Contra Acidentes de Trabalho",{"v":3,"d":"3.00"},{"v":3,"d":"3.00"}]
["A8","FGTS",{"v":8,"d":"8.00"},{"v":8,"d":"8.00"}]
["A9","SECONCI",{"v":0,"d":"0.00"},{"v":0,"d":"0.00"}]
[null,"TOTAL",{"v":36.8,"d":"36.80"},{"v":36.8,"d":"36.80"}]
["B","GRUPO B"]
["B1","Repouso Semanal Remunerado",18.01,{"v":0,"d":"0.00"}]
["B2","Feriados",{"v":4.3,"d":"4.30"},{"v":0,"d":"0.00"}]
["B3","Auxílio - Enfermidade",0.87,0.67]
["B4","13º Salário",10.78,8.33]
["B5","Licença PaternidadE",0.07,0.06]
["B6","Faltas Justificadas",0.72,0.56]
["B7","Dias de Chuvas",1.98,{"v":0,"d":"0.00"}]
["B8","Auxílio Acidente de Trabalho",0.11,0.08]
["B9","Férias Gozadas",13.64,10.55]
["B10","Salário Maternidade",0.03,0.03]
[null,"TOTAL",50.51,20.28]
["C","GRUPO C"]
["C1","Aviso Prévio Indenizado",4.45,3.45]
["C2","Aviso Prévio Trabalhado",{"v":0.1,"d":"0.10"},0.08]
["C3","Férias Indenizadas",{"v":0.5,"d":"0.50"},0.39]
["C4","Depósito Rescisão Sem Justa Causa",{"v":4.1,"d":"4.10"},3.17]
["C5","Indenização Adicional",0.37,0.29]
[null,"TOTAL",9.52,7.38]
["D","GRUPO D"]
["D1","Reincidência de Grupo A sobre Grupo B",18.59,7.46]
["D2","Reincidência de Grupo A sobre Aviso Prévio Trabalhado e Reincidência do FGTS sobre Aviso Prévio Indenizado",0.39,0.31]
[null,"TOTAL",18.98,7.77]
["Horista = 115,81%\nMensalista = 72,23%"]
["A + B + C + D"]